Szczegóły MARC21

Monitor Integracji Europejskiej /

001 -Numer kontrolny rekordu [,]
    • @
    • pole kontrolne
    • gg96601073
005 -Data i czas ostatniej zmiany [,]
    • @
    • Data ostatniej zmiany
    • 20241231090729.0
022 -Międzynarodowy Znormalizowany Numer Wydawnictwa Ciągłego - ISSN [ , ]
    • a
    • International Standard Serial Number
    • 1641-6333
035 -Inne numery kontrolne [ , ]
    • a
    • Numer kontrolny
    • (OCoLC)68763603
040 -Instytucja sporządzająca opis [ , ]
    • a
    • Instytucja, która sporządziła opis (NP)
    • LUBL U/KJ
    • c
    • Instytucja, która sporządziła rekord (NP)
    • LUBL U/KJ
    • d
    • Instytucja, która zmodyfikowała rekord (P)
    • WR U/IZ
    • d
    • Instytucja, która zmodyfikowała rekord (P)
    • LUBL 58/AG
    • d
    • Instytucja, która zmodyfikowała rekord (P)
    • WA M/AR
    • d
    • Instytucja, która zmodyfikowała rekord (P)
    • KR U/Kaz
    • d
    • Instytucja, która zmodyfikowała rekord (P)
    • LUBL 58/MZs
942 -Rodzaj dokumentu [ , ]
    • c
    • Rodzaj dokumentu
    • Wydaw. ciągłe w tym czasopisma
998 -Inne dane NUKAT [ , ]
    • a
    • Numer systemowy
    • vtls000023461
210 -Skrót tytułu [1, ]
    • a
    • Skrót tytułu
    • Monit. Integr. Eur.
222 -Tytuł kluczowy [ ,0]
    • a
    • Tytuł kluczowy
    • Monitor Integracji Europejskiej
245 -Strefa tytułu i oznaczenia odpowiedzialności [0,0]
    • a
    • Tytuł
    • Monitor Integracji Europejskiej /
    • c
    • Pozostałe elementy strefy tytułu i oznaczenia odpowiedzialności (NP)
    • Urząd Rady Ministrów. Biuro Pełnomocnika Rządu d.s.Integracji Europejskiej oraz Pomocy Zagranicznej.
260 -Strefa adresu wydawniczego [ , ]
    • a
    • Miejsce wydania (P)
    • Warszawa :
    • b
    • Nazwa wydawcy (P)
    • Pełnomocnik Rządu d.s. Integracji Europejskiej oraz Pomocy Zagranicznej,
    • c
    • Data wydania (P)
    • 1995-2004.
300 -Strefa opisu fizycznego [ , ]
    • c
    • Format (NP)
    • 30 cm.
310 -Częstotliwość [ , ]
    • a
    • Częstotliwość
    • Niereg.
336 -Typ zawartości [ , ]
    • a
    • Termin opisujący typ zawartości
    • Tekst
    • b
    • Typ/rodzaj nośnika
    • txt
    • 2
    • Źródło (termin i kod)
    • rdacontent
337 -Typ mediów [ , ]
    • a
    • Tryb odtwarzania
    • Bez urządzenia pośredniczącego
    • b
    • Kod typu mediów
    • n
    • 2
    • Źródło (termin i kod)
    • rdamedia
338 -Typ/rodzaj nośnika [ , ]
    • a
    • Hasło opisujące typ nośnika
    • Wolumin
    • b
    • Kod typu nośnika
    • nc
    • 2
    • Źródło (termin i kod)
    • rdacarrier
362 -Strefa numeracji [0, ]
    • a
    • Strefa numeracji
    • Nr 1 (1995)-nr 73 (2004).
550 -Uwaga dot. instytucji sprawczej [ , ]
    • a
    • Uwaga dot. instytucji sprawczej
    • Od nr 9 (1996) / Komitet Integracji Europejskiej.
550 -Uwaga dot. instytucji sprawczej [ , ]
    • a
    • Uwaga dot. instytucji sprawczej
    • Od 2000 / Urząd Komitetu Integracji Europejskiej.
610 -SUBJECT ADDED ENTRY--CORPORATE NAME [2,7]
    • a
    • Corporate name or jurisdiction name as entry element
    • Unia Europejska
610 -SUBJECT ADDED ENTRY--CORPORATE NAME [2,7]
    • a
    • Corporate name or jurisdiction name as entry element
    • Unia Europejska
    • z
    • Geographic subdivision
    • Polska
    • y
    • Chronological subdivision
    • 1990-
655 -INDEX TERM--GENRE/FORM [ ,7]
    • a
    • Genre/form data or focus term
    • Prasa specjalistyczna.
710 -Hasło dodatkowe - nazwa ciała zbiorowego [1, ]
    • a
    • Nazwa ciała zbiorowego lub nazwa geograficzna jako pierwszy element (NP)
    • Polska.
    • b
    • Nazwa jednostki podrzędnej (P)
    • Urząd Rady Ministrów.
    • b
    • Nazwa jednostki podrzędnej (P)
    • Biuro Pełnomocnika Rządu ds. Integracji Europejskiej oraz Pomocy Zagranicznej.
710 -Hasło dodatkowe - nazwa ciała zbiorowego [1, ]
    • a
    • Nazwa ciała zbiorowego lub nazwa geograficzna jako pierwszy element (NP)
    • Polska.
    • b
    • Nazwa jednostki podrzędnej (P)
    • Komitet Integracji Europejskiej.
710 -Hasło dodatkowe - nazwa ciała zbiorowego [1, ]
    • a
    • Nazwa ciała zbiorowego lub nazwa geograficzna jako pierwszy element (NP)
    • Polska.
    • b
    • Nazwa jednostki podrzędnej (P)
    • Urząd Komitetu Integracji Europejskiej.
785 -Tytuł następny wydawnictwa [0,0]
    • t
    • Title
    • Monitor Europejski
    • g
    • Relationship information
    • 2004-
    • x
    • International Standard Serial Number
    • 1732-8268
    • w
    • Record control number
    • (NUKAT)zz2004970794
952 -Egzemplarz [ , ]
    • c
    • Sygnatura
    • CEc.3
    • d
    • Lokalizacja
    • BG Dział Udostępniania Biblioteka Główna
    • i
    • Nr tomu wydaw.cg
    • Nr 3 (1995)
    • y
    • Status udostępniania
    • Tylko na miejscu
952 -Egzemplarz [ , ]
    • c
    • Sygnatura
    • CEc.3
    • d
    • Lokalizacja
    • BG Dział Udostępniania Biblioteka Główna
    • i
    • Nr tomu wydaw.cg
    • Nr 4 (1995)
    • y
    • Status udostępniania
    • Tylko na miejscu
952 -Egzemplarz [ , ]
    • c
    • Sygnatura
    • CEc.3
    • d
    • Lokalizacja
    • BG Dział Udostępniania Biblioteka Główna
    • i
    • Nr tomu wydaw.cg
    • Nr 5 (1995)
    • y
    • Status udostępniania
    • Tylko na miejscu
952 -Egzemplarz [ , ]
    • c
    • Sygnatura
    • CEc.3
    • d
    • Lokalizacja
    • BG Dział Udostępniania Biblioteka Główna
    • i
    • Nr tomu wydaw.cg
    • Nr 6 (1996)
    • y
    • Status udostępniania
    • Tylko na miejscu
952 -Egzemplarz [ , ]
    • c
    • Sygnatura
    • CEc.3
    • d
    • Lokalizacja
    • BG Dział Udostępniania Biblioteka Główna
    • i
    • Nr tomu wydaw.cg
    • Nr 7 (1996)
    • y
    • Status udostępniania
    • Tylko na miejscu
952 -Egzemplarz [ , ]
    • c
    • Sygnatura
    • CEc.3
    • d
    • Lokalizacja
    • BG Dział Udostępniania Biblioteka Główna
    • i
    • Nr tomu wydaw.cg
    • Nr 8 (1996)
    • y
    • Status udostępniania
    • Tylko na miejscu
952 -Egzemplarz [ , ]
    • c
    • Sygnatura
    • CEc.3
    • d
    • Lokalizacja
    • BG Dział Udostępniania Biblioteka Główna
    • i
    • Nr tomu wydaw.cg
    • Nr 9 (1996)
    • y
    • Status udostępniania
    • Tylko na miejscu
952 -Egzemplarz [ , ]
    • c
    • Sygnatura
    • CEc.3
    • d
    • Lokalizacja
    • BG Dział Udostępniania Biblioteka Główna
    • i
    • Nr tomu wydaw.cg
    • Nr 10 (1997)
    • y
    • Status udostępniania
    • Tylko na miejscu
952 -Egzemplarz [ , ]
    • c
    • Sygnatura
    • CEc.3
    • d
    • Lokalizacja
    • BG Dział Udostępniania Biblioteka Główna
    • i
    • Nr tomu wydaw.cg
    • Nr 11 (1997)
    • y
    • Status udostępniania
    • Tylko na miejscu
952 -Egzemplarz [ , ]
    • c
    • Sygnatura
    • CEc.3
    • d
    • Lokalizacja
    • BG Dział Udostępniania Biblioteka Główna
    • i
    • Nr tomu wydaw.cg
    • Nr 13 (1997)
    • y
    • Status udostępniania
    • Tylko na miejscu
952 -Egzemplarz [ , ]
    • c
    • Sygnatura
    • CEc.3
    • d
    • Lokalizacja
    • BG Dział Udostępniania Biblioteka Główna
    • i
    • Nr tomu wydaw.cg
    • Nr 14 (1997)
    • y
    • Status udostępniania
    • Tylko na miejscu
952 -Egzemplarz [ , ]
    • c
    • Sygnatura
    • CEc.3
    • d
    • Lokalizacja
    • BG Dział Udostępniania Biblioteka Główna
    • i
    • Nr tomu wydaw.cg
    • Nr 15 (1998)
    • y
    • Status udostępniania
    • Tylko na miejscu
952 -Egzemplarz [ , ]
    • c
    • Sygnatura
    • CEc.3
    • d
    • Lokalizacja
    • BG Dział Udostępniania Biblioteka Główna
    • i
    • Nr tomu wydaw.cg
    • Nr 16 (1998)
    • y
    • Status udostępniania
    • Tylko na miejscu
952 -Egzemplarz [ , ]
    • c
    • Sygnatura
    • CEc.3
    • d
    • Lokalizacja
    • BG Dział Udostępniania Biblioteka Główna
    • i
    • Nr tomu wydaw.cg
    • Nr 17 (1998)
    • y
    • Status udostępniania
    • Tylko na miejscu
952 -Egzemplarz [ , ]
    • c
    • Sygnatura
    • CEc.3
    • d
    • Lokalizacja
    • BG Dział Udostępniania Biblioteka Główna
    • i
    • Nr tomu wydaw.cg
    • Nr 18 (1998)
    • y
    • Status udostępniania
    • Tylko na miejscu
952 -Egzemplarz [ , ]
    • c
    • Sygnatura
    • CEc.3
    • d
    • Lokalizacja
    • BG Dział Udostępniania Biblioteka Główna
    • i
    • Nr tomu wydaw.cg
    • Nr 19 (1998)
    • y
    • Status udostępniania
    • Tylko na miejscu
952 -Egzemplarz [ , ]
    • c
    • Sygnatura
    • CEc.3
    • d
    • Lokalizacja
    • BG Dział Udostępniania Biblioteka Główna
    • i
    • Nr tomu wydaw.cg
    • Nr 20 (1998)
    • y
    • Status udostępniania
    • Tylko na miejscu
952 -Egzemplarz [ , ]
    • c
    • Sygnatura
    • CEc.3
    • d
    • Lokalizacja
    • BG Dział Udostępniania Biblioteka Główna
    • i
    • Nr tomu wydaw.cg
    • Nr 21 (1998)
    • y
    • Status udostępniania
    • Tylko na miejscu
952 -Egzemplarz [ , ]
    • c
    • Sygnatura
    • CEc.3
    • d
    • Lokalizacja
    • BG Dział Udostępniania Biblioteka Główna
    • i
    • Nr tomu wydaw.cg
    • Nr 22 (1999)
    • y
    • Status udostępniania
    • Tylko na miejscu
952 -Egzemplarz [ , ]
    • c
    • Sygnatura
    • CEc.3
    • d
    • Lokalizacja
    • BG Dział Udostępniania Biblioteka Główna
    • i
    • Nr tomu wydaw.cg
    • Nr 23 (1999)
    • y
    • Status udostępniania
    • Tylko na miejscu
952 -Egzemplarz [ , ]
    • c
    • Sygnatura
    • CEc.3
    • d
    • Lokalizacja
    • BG Dział Udostępniania Biblioteka Główna
    • i
    • Nr tomu wydaw.cg
    • Nr 24 (1999)
    • y
    • Status udostępniania
    • Tylko na miejscu
952 -Egzemplarz [ , ]
    • c
    • Sygnatura
    • CEc.3
    • d
    • Lokalizacja
    • BG Dział Udostępniania Biblioteka Główna
    • i
    • Nr tomu wydaw.cg
    • Nr 25 (1999)
    • y
    • Status udostępniania
    • Tylko na miejscu
952 -Egzemplarz [ , ]
    • c
    • Sygnatura
    • CEc.3
    • d
    • Lokalizacja
    • BG Dział Udostępniania Biblioteka Główna
    • i
    • Nr tomu wydaw.cg
    • Nr 26 (1999)
    • y
    • Status udostępniania
    • Tylko na miejscu
952 -Egzemplarz [ , ]
    • c
    • Sygnatura
    • CEc.3
    • d
    • Lokalizacja
    • BG Dział Udostępniania Biblioteka Główna
    • i
    • Nr tomu wydaw.cg
    • Nr 27 (2000)
    • y
    • Status udostępniania
    • Tylko na miejscu
952 -Egzemplarz [ , ]
    • c
    • Sygnatura
    • CEc.3
    • d
    • Lokalizacja
    • BG Dział Udostępniania Biblioteka Główna
    • i
    • Nr tomu wydaw.cg
    • Nr 28 (2000)
    • y
    • Status udostępniania
    • Tylko na miejscu
952 -Egzemplarz [ , ]
    • c
    • Sygnatura
    • CEc.3
    • d
    • Lokalizacja
    • BG Dział Udostępniania Biblioteka Główna
    • i
    • Nr tomu wydaw.cg
    • Nr 29 (2000)
    • y
    • Status udostępniania
    • Tylko na miejscu
952 -Egzemplarz [ , ]
    • c
    • Sygnatura
    • CEc.3
    • d
    • Lokalizacja
    • BG Dział Udostępniania Biblioteka Główna
    • i
    • Nr tomu wydaw.cg
    • Nr 30 (2000)
    • y
    • Status udostępniania
    • Tylko na miejscu
952 -Egzemplarz [ , ]
    • c
    • Sygnatura
    • CEc.3
    • d
    • Lokalizacja
    • BG Dział Udostępniania Biblioteka Główna
    • i
    • Nr tomu wydaw.cg
    • Nr 31 (2000)
    • y
    • Status udostępniania
    • Tylko na miejscu
952 -Egzemplarz [ , ]
    • c
    • Sygnatura
    • CEc.3
    • d
    • Lokalizacja
    • BG Dział Udostępniania Biblioteka Główna
    • i
    • Nr tomu wydaw.cg
    • Nr 32 (2000)
    • y
    • Status udostępniania
    • Tylko na miejscu
952 -Egzemplarz [ , ]
    • c
    • Sygnatura
    • CEc.3
    • d
    • Lokalizacja
    • BG Dział Udostępniania Biblioteka Główna
    • i
    • Nr tomu wydaw.cg
    • Nr 33 (2000)
    • y
    • Status udostępniania
    • Tylko na miejscu
952 -Egzemplarz [ , ]
    • c
    • Sygnatura
    • CEc.3
    • d
    • Lokalizacja
    • BG Dział Udostępniania Biblioteka Główna
    • i
    • Nr tomu wydaw.cg
    • Nr 35 cz. 2 (2000)
    • y
    • Status udostępniania
    • Tylko na miejscu
952 -Egzemplarz [ , ]
    • c
    • Sygnatura
    • CEc.3
    • d
    • Lokalizacja
    • BG Dział Udostępniania Biblioteka Główna
    • i
    • Nr tomu wydaw.cg
    • Nr 38 (2001)
    • y
    • Status udostępniania
    • Tylko na miejscu
952 -Egzemplarz [ , ]
    • c
    • Sygnatura
    • CEc.3
    • d
    • Lokalizacja
    • BG Dział Udostępniania Biblioteka Główna
    • i
    • Nr tomu wydaw.cg
    • Nr 40 (2001)
    • y
    • Status udostępniania
    • Tylko na miejscu
952 -Egzemplarz [ , ]
    • c
    • Sygnatura
    • CEc.3
    • d
    • Lokalizacja
    • BG Dział Udostępniania Biblioteka Główna
    • i
    • Nr tomu wydaw.cg
    • Nr 40 (2001)
    • y
    • Status udostępniania
    • Tylko na miejscu
952 -Egzemplarz [ , ]
    • c
    • Sygnatura
    • CEc.3
    • d
    • Lokalizacja
    • BG Dział Udostępniania Biblioteka Główna
    • i
    • Nr tomu wydaw.cg
    • Nr 41 (2001)
    • y
    • Status udostępniania
    • Tylko na miejscu
952 -Egzemplarz [ , ]
    • c
    • Sygnatura
    • CEc.3
    • d
    • Lokalizacja
    • BG Dział Udostępniania Biblioteka Główna
    • i
    • Nr tomu wydaw.cg
    • Nr 41 (2001)
    • y
    • Status udostępniania
    • Tylko na miejscu
952 -Egzemplarz [ , ]
    • c
    • Sygnatura
    • CEc.3
    • d
    • Lokalizacja
    • BG Dział Udostępniania Biblioteka Główna
    • i
    • Nr tomu wydaw.cg
    • Nr 42 (2001)
    • y
    • Status udostępniania
    • Tylko na miejscu
952 -Egzemplarz [ , ]
    • c
    • Sygnatura
    • CEc.3
    • d
    • Lokalizacja
    • BG Dział Udostępniania Biblioteka Główna
    • i
    • Nr tomu wydaw.cg
    • Nr 43 (2001)
    • y
    • Status udostępniania
    • Tylko na miejscu
952 -Egzemplarz [ , ]
    • c
    • Sygnatura
    • CEc.3
    • d
    • Lokalizacja
    • BG Dział Udostępniania Biblioteka Główna
    • i
    • Nr tomu wydaw.cg
    • Nr 45 (2001)
    • y
    • Status udostępniania
    • Tylko na miejscu
952 -Egzemplarz [ , ]
    • c
    • Sygnatura
    • CEc.3
    • d
    • Lokalizacja
    • BG Dział Udostępniania Biblioteka Główna
    • i
    • Nr tomu wydaw.cg
    • Nr 45 (2001)
    • y
    • Status udostępniania
    • Tylko na miejscu
952 -Egzemplarz [ , ]
    • c
    • Sygnatura
    • CEc.3
    • d
    • Lokalizacja
    • BG Dział Udostępniania Biblioteka Główna
    • i
    • Nr tomu wydaw.cg
    • Nr 47 (2001)
    • y
    • Status udostępniania
    • Tylko na miejscu
952 -Egzemplarz [ , ]
    • c
    • Sygnatura
    • CEc.3
    • d
    • Lokalizacja
    • BG Dział Udostępniania Biblioteka Główna
    • i
    • Nr tomu wydaw.cg
    • Nr 49 (2002)
    • y
    • Status udostępniania
    • Tylko na miejscu
952 -Egzemplarz [ , ]
    • c
    • Sygnatura
    • CEc.3
    • d
    • Lokalizacja
    • BG Dział Udostępniania Biblioteka Główna
    • i
    • Nr tomu wydaw.cg
    • Nr 50 (2002)
    • y
    • Status udostępniania
    • Tylko na miejscu
952 -Egzemplarz [ , ]
    • c
    • Sygnatura
    • CEc.3
    • d
    • Lokalizacja
    • BG Dział Udostępniania Biblioteka Główna
    • i
    • Nr tomu wydaw.cg
    • Nr 51 (2002)
    • y
    • Status udostępniania
    • Tylko na miejscu
952 -Egzemplarz [ , ]
    • c
    • Sygnatura
    • CEc.3
    • d
    • Lokalizacja
    • BG Dział Udostępniania Biblioteka Główna
    • i
    • Nr tomu wydaw.cg
    • Nr 52 (2002)
    • y
    • Status udostępniania
    • Tylko na miejscu
952 -Egzemplarz [ , ]
    • c
    • Sygnatura
    • CEc.3
    • d
    • Lokalizacja
    • BG Dział Udostępniania Biblioteka Główna
    • i
    • Nr tomu wydaw.cg
    • Nr 53 cz. 2 (2002)
    • y
    • Status udostępniania
    • Tylko na miejscu
952 -Egzemplarz [ , ]
    • c
    • Sygnatura
    • CEc.3
    • d
    • Lokalizacja
    • BG Dział Udostępniania Biblioteka Główna
    • i
    • Nr tomu wydaw.cg
    • Nr 55 (2002)
    • y
    • Status udostępniania
    • Tylko na miejscu
952 -Egzemplarz [ , ]
    • c
    • Sygnatura
    • CEc.3
    • d
    • Lokalizacja
    • BG Dział Udostępniania Biblioteka Główna
    • i
    • Nr tomu wydaw.cg
    • Nr 58 (2002)
    • y
    • Status udostępniania
    • Tylko na miejscu
952 -Egzemplarz [ , ]
    • c
    • Sygnatura
    • CEc.3
    • d
    • Lokalizacja
    • BG Dział Udostępniania Biblioteka Główna
    • i
    • Nr tomu wydaw.cg
    • Nr 59 (2002)
    • y
    • Status udostępniania
    • Tylko na miejscu
952 -Egzemplarz [ , ]
    • c
    • Sygnatura
    • CEc.3
    • d
    • Lokalizacja
    • BG Dział Udostępniania Biblioteka Główna
    • i
    • Nr tomu wydaw.cg
    • Nr 61 (2003)
    • y
    • Status udostępniania
    • Tylko na miejscu
952 -Egzemplarz [ , ]
    • c
    • Sygnatura
    • CEc.3
    • d
    • Lokalizacja
    • BG Dział Udostępniania Biblioteka Główna
    • i
    • Nr tomu wydaw.cg
    • Nr 62 (2003)
    • y
    • Status udostępniania
    • Tylko na miejscu
952 -Egzemplarz [ , ]
    • c
    • Sygnatura
    • CEc.3
    • d
    • Lokalizacja
    • BG Dział Udostępniania Biblioteka Główna
    • i
    • Nr tomu wydaw.cg
    • Nr 63 (2003)
    • y
    • Status udostępniania
    • Tylko na miejscu
952 -Egzemplarz [ , ]
    • c
    • Sygnatura
    • CEc.3
    • d
    • Lokalizacja
    • BG Dział Udostępniania Biblioteka Główna
    • i
    • Nr tomu wydaw.cg
    • Nr 64 (2003)
    • y
    • Status udostępniania
    • Tylko na miejscu
952 -Egzemplarz [ , ]
    • c
    • Sygnatura
    • CEc.3
    • d
    • Lokalizacja
    • BG Dział Udostępniania Biblioteka Główna
    • i
    • Nr tomu wydaw.cg
    • Nr 66 (2003)
    • y
    • Status udostępniania
    • Tylko na miejscu
952 -Egzemplarz [ , ]
    • c
    • Sygnatura
    • CEc.3
    • d
    • Lokalizacja
    • BG Dział Udostępniania Biblioteka Główna
    • i
    • Nr tomu wydaw.cg
    • Nr 68 (2003)
    • y
    • Status udostępniania
    • Tylko na miejscu
952 -Egzemplarz [ , ]
    • c
    • Sygnatura
    • CEc.3
    • d
    • Lokalizacja
    • BG Dział Udostępniania Biblioteka Główna
    • i
    • Nr tomu wydaw.cg
    • Nr 70 (2004)
    • y
    • Status udostępniania
    • Tylko na miejscu
952 -Egzemplarz [ , ]
    • c
    • Sygnatura
    • CEc.3
    • d
    • Lokalizacja
    • BG Dział Udostępniania Biblioteka Główna
    • i
    • Nr tomu wydaw.cg
    • Nr 71 (2004)
    • y
    • Status udostępniania
    • Tylko na miejscu
952 -Egzemplarz [ , ]
    • c
    • Sygnatura
    • CEc.3
    • d
    • Lokalizacja
    • BG Dział Udostępniania Biblioteka Główna
    • i
    • Nr tomu wydaw.cg
    • Nr 72 (2004)
    • y
    • Status udostępniania
    • Tylko na miejscu
952 -Egzemplarz [ , ]
    • c
    • Sygnatura
    • Fc.3078
    • d
    • Lokalizacja
    • BNS Biblioteka Humanistyczna i Nauk Społecznych
    • i
    • Nr tomu wydaw.cg
    • Nr 35 cz.2 (2000)
    • y
    • Status udostępniania
    • Tylko na miejscu
952 -Egzemplarz [ , ]
    • c
    • Sygnatura
    • Tc.613
    • d
    • Lokalizacja
    • T Biblioteka Kampusowa Cukrowa EFZ
    • i
    • Nr tomu wydaw.cg
    • Nr 25 (1999).
    • y
    • Status udostępniania
    • Tylko na miejscu
952 -Egzemplarz [ , ]
    • c
    • Sygnatura
    • Tc.613
    • d
    • Lokalizacja
    • T Biblioteka Kampusowa Cukrowa EFZ
    • i
    • Nr tomu wydaw.cg
    • Nr 26 (1999).
    • y
    • Status udostępniania
    • Tylko na miejscu
952 -Egzemplarz [ , ]
    • c
    • Sygnatura
    • Tc.613
    • d
    • Lokalizacja
    • T Biblioteka Kampusowa Cukrowa EFZ
    • i
    • Nr tomu wydaw.cg
    • Nr 27 (2000).
    • y
    • Status udostępniania
    • Tylko na miejscu
952 -Egzemplarz [ , ]
    • c
    • Sygnatura
    • Tc.613
    • d
    • Lokalizacja
    • T Biblioteka Kampusowa Cukrowa EFZ
    • i
    • Nr tomu wydaw.cg
    • Nr 28 (2000).
    • y
    • Status udostępniania
    • Tylko na miejscu
952 -Egzemplarz [ , ]
    • c
    • Sygnatura
    • Tc.613
    • d
    • Lokalizacja
    • T Biblioteka Kampusowa Cukrowa EFZ
    • i
    • Nr tomu wydaw.cg
    • Nr 29 (2000).
    • y
    • Status udostępniania
    • Tylko na miejscu
952 -Egzemplarz [ , ]
    • c
    • Sygnatura
    • Tc.613
    • d
    • Lokalizacja
    • T Biblioteka Kampusowa Cukrowa EFZ
    • i
    • Nr tomu wydaw.cg
    • Nr 31 (2000).
    • y
    • Status udostępniania
    • Tylko na miejscu
952 -Egzemplarz [ , ]
    • c
    • Sygnatura
    • Tc.613
    • d
    • Lokalizacja
    • T Biblioteka Kampusowa Cukrowa EFZ
    • i
    • Nr tomu wydaw.cg
    • Nr 32 (2000).
    • y
    • Status udostępniania
    • Tylko na miejscu
952 -Egzemplarz [ , ]
    • c
    • Sygnatura
    • Tc.613
    • d
    • Lokalizacja
    • T Biblioteka Kampusowa Cukrowa EFZ
    • i
    • Nr tomu wydaw.cg
    • Nr 38 (2001).
    • y
    • Status udostępniania
    • Tylko na miejscu
952 -Egzemplarz [ , ]
    • c
    • Sygnatura
    • Tc.613
    • d
    • Lokalizacja
    • T Biblioteka Kampusowa Cukrowa EFZ
    • i
    • Nr tomu wydaw.cg
    • Nr 40 (2001).
    • y
    • Status udostępniania
    • Tylko na miejscu
952 -Egzemplarz [ , ]
    • c
    • Sygnatura
    • Tc.613
    • d
    • Lokalizacja
    • T Biblioteka Kampusowa Cukrowa EFZ
    • i
    • Nr tomu wydaw.cg
    • Nr 41 (2001).
    • y
    • Status udostępniania
    • Tylko na miejscu
952 -Egzemplarz [ , ]
    • c
    • Sygnatura
    • Tc.613
    • d
    • Lokalizacja
    • T Biblioteka Kampusowa Cukrowa EFZ
    • i
    • Nr tomu wydaw.cg
    • Nr 42 (2001).
    • y
    • Status udostępniania
    • Tylko na miejscu
952 -Egzemplarz [ , ]
    • c
    • Sygnatura
    • Tc.613
    • d
    • Lokalizacja
    • T Biblioteka Kampusowa Cukrowa EFZ
    • i
    • Nr tomu wydaw.cg
    • Nr 43 (2001).
    • y
    • Status udostępniania
    • Tylko na miejscu
952 -Egzemplarz [ , ]
    • c
    • Sygnatura
    • Tc.613
    • d
    • Lokalizacja
    • T Biblioteka Kampusowa Cukrowa EFZ
    • i
    • Nr tomu wydaw.cg
    • Nr 43 (2001).
    • y
    • Status udostępniania
    • Tylko na miejscu
952 -Egzemplarz [ , ]
    • c
    • Sygnatura
    • Tc.613
    • d
    • Lokalizacja
    • T Biblioteka Kampusowa Cukrowa EFZ
    • i
    • Nr tomu wydaw.cg
    • Nr 45 (2001).
    • y
    • Status udostępniania
    • Tylko na miejscu
952 -Egzemplarz [ , ]
    • c
    • Sygnatura
    • Tc.613
    • d
    • Lokalizacja
    • T Biblioteka Kampusowa Cukrowa EFZ
    • i
    • Nr tomu wydaw.cg
    • Nr 47 (2001).
    • y
    • Status udostępniania
    • Tylko na miejscu
952 -Egzemplarz [ , ]
    • c
    • Sygnatura
    • Tc.613
    • d
    • Lokalizacja
    • T Biblioteka Kampusowa Cukrowa EFZ
    • i
    • Nr tomu wydaw.cg
    • Nr 49 (2002).
    • y
    • Status udostępniania
    • Tylko na miejscu
952 -Egzemplarz [ , ]
    • c
    • Sygnatura
    • Tc.613
    • d
    • Lokalizacja
    • T Biblioteka Kampusowa Cukrowa EFZ
    • i
    • Nr tomu wydaw.cg
    • Nr 50 (2002).
    • y
    • Status udostępniania
    • Tylko na miejscu
952 -Egzemplarz [ , ]
    • c
    • Sygnatura
    • Tc.613
    • d
    • Lokalizacja
    • T Biblioteka Kampusowa Cukrowa EFZ
    • i
    • Nr tomu wydaw.cg
    • Nr 51 (2002).
    • y
    • Status udostępniania
    • Tylko na miejscu
952 -Egzemplarz [ , ]
    • c
    • Sygnatura
    • Tc.613
    • d
    • Lokalizacja
    • T Biblioteka Kampusowa Cukrowa EFZ
    • i
    • Nr tomu wydaw.cg
    • Nr 52 (2002).
    • y
    • Status udostępniania
    • Tylko na miejscu
952 -Egzemplarz [ , ]
    • c
    • Sygnatura
    • Tc.613
    • d
    • Lokalizacja
    • T Biblioteka Kampusowa Cukrowa EFZ
    • i
    • Nr tomu wydaw.cg
    • Nr 53 (2002). 1
    • y
    • Status udostępniania
    • Tylko na miejscu
952 -Egzemplarz [ , ]
    • c
    • Sygnatura
    • Tc.613
    • d
    • Lokalizacja
    • T Biblioteka Kampusowa Cukrowa EFZ
    • i
    • Nr tomu wydaw.cg
    • Nr 53 (2002). 2
    • y
    • Status udostępniania
    • Tylko na miejscu
952 -Egzemplarz [ , ]
    • c
    • Sygnatura
    • Tc.613
    • d
    • Lokalizacja
    • T Biblioteka Kampusowa Cukrowa EFZ
    • i
    • Nr tomu wydaw.cg
    • Nr 54 (2002).
    • y
    • Status udostępniania
    • Tylko na miejscu
952 -Egzemplarz [ , ]
    • c
    • Sygnatura
    • Tc.613
    • d
    • Lokalizacja
    • T Biblioteka Kampusowa Cukrowa EFZ
    • i
    • Nr tomu wydaw.cg
    • Nr 55 (2002).
    • y
    • Status udostępniania
    • Tylko na miejscu
952 -Egzemplarz [ , ]
    • c
    • Sygnatura
    • Tc.613
    • d
    • Lokalizacja
    • T Biblioteka Kampusowa Cukrowa EFZ
    • i
    • Nr tomu wydaw.cg
    • Nr 58 (2002).
    • y
    • Status udostępniania
    • Tylko na miejscu
952 -Egzemplarz [ , ]
    • c
    • Sygnatura
    • Tc.613
    • d
    • Lokalizacja
    • T Biblioteka Kampusowa Cukrowa EFZ
    • i
    • Nr tomu wydaw.cg
    • Nr 59 (2002).
    • y
    • Status udostępniania
    • Tylko na miejscu
952 -Egzemplarz [ , ]
    • c
    • Sygnatura
    • Tc.613
    • d
    • Lokalizacja
    • T Biblioteka Kampusowa Cukrowa EFZ
    • i
    • Nr tomu wydaw.cg
    • Nr 63 (2003).
    • y
    • Status udostępniania
    • Tylko na miejscu
952 -Egzemplarz [ , ]
    • c
    • Sygnatura
    • Tc.613
    • d
    • Lokalizacja
    • T Biblioteka Kampusowa Cukrowa EFZ
    • i
    • Nr tomu wydaw.cg
    • Nr 64 (2003).
    • y
    • Status udostępniania
    • Tylko na miejscu
952 -Egzemplarz [ , ]
    • c
    • Sygnatura
    • Tc.613
    • d
    • Lokalizacja
    • T Biblioteka Kampusowa Cukrowa EFZ
    • i
    • Nr tomu wydaw.cg
    • Nr 66 (2003).
    • y
    • Status udostępniania
    • Tylko na miejscu
952 -Egzemplarz [ , ]
    • c
    • Sygnatura
    • Tc.613
    • d
    • Lokalizacja
    • T Biblioteka Kampusowa Cukrowa EFZ
    • i
    • Nr tomu wydaw.cg
    • Nr 61 (2003)
    • y
    • Status udostępniania
    • Tylko na miejscu
952 -Egzemplarz [ , ]
    • c
    • Sygnatura
    • Tc.613
    • d
    • Lokalizacja
    • T Biblioteka Kampusowa Cukrowa EFZ
    • i
    • Nr tomu wydaw.cg
    • Nr 70 (2004)
    • y
    • Status udostępniania
    • Tylko na miejscu
952 -Egzemplarz [ , ]
    • c
    • Sygnatura
    • Tc.613
    • d
    • Lokalizacja
    • T Biblioteka Kampusowa Cukrowa EFZ
    • i
    • Nr tomu wydaw.cg
    • Nr 71 (2004)
    • y
    • Status udostępniania
    • Tylko na miejscu
952 -Egzemplarz [ , ]
    • c
    • Sygnatura
    • Tc.613
    • d
    • Lokalizacja
    • T Biblioteka Kampusowa Cukrowa EFZ
    • i
    • Nr tomu wydaw.cg
    • Nr 72 (2004)
    • y
    • Status udostępniania
    • Tylko na miejscu
952 -Egzemplarz [ , ]
    • c
    • Sygnatura
    • Tc.613
    • d
    • Lokalizacja
    • T Biblioteka Kampusowa Cukrowa EFZ
    • i
    • Nr tomu wydaw.cg
    • Nr 68 (2003)
    • y
    • Status udostępniania
    • Tylko na miejscu
952 -Egzemplarz [ , ]
    • c
    • Sygnatura
    • Fc.3078
    • d
    • Lokalizacja
    • BNS Biblioteka Humanistyczna i Nauk Społecznych
    • i
    • Nr tomu wydaw.cg
    • Nr 70 (2004)
    • y
    • Status udostępniania
    • Tylko na miejscu
952 -Egzemplarz [ , ]
    • c
    • Sygnatura
    • Fc.3078
    • d
    • Lokalizacja
    • BNS Biblioteka Humanistyczna i Nauk Społecznych
    • i
    • Nr tomu wydaw.cg
    • Nr 72 (2004)
    • y
    • Status udostępniania
    • Tylko na miejscu
952 -Egzemplarz [ , ]
    • c
    • Sygnatura
    • CEc.3
    • d
    • Lokalizacja
    • BG Dział Udostępniania Biblioteka Główna
    • i
    • Nr tomu wydaw.cg
    • Nr 53 cz. 1 (2002)
    • y
    • Status udostępniania
    • Tylko na miejscu
952 -Egzemplarz [ , ]
    • a
    • Numer inwentarzowy
    • Fc.3078
    • c
    • Sygnatura
    • Fc.3078
    • d
    • Lokalizacja
    • BNS Biblioteka Humanistyczna i Nauk Społecznych
    • i
    • Nr tomu wydaw.cg
    • Nr 1 (1995)
    • p
    • Kod kreskowy
    • 2003300030782
    • r
    • Cena
    • 0.00
    • y
    • Status udostępniania
    • Tylko na miejscu
952 -Egzemplarz [ , ]
    • a
    • Numer inwentarzowy
    • Fc.3079
    • c
    • Sygnatura
    • Fc.3078
    • d
    • Lokalizacja
    • BNS Biblioteka Humanistyczna i Nauk Społecznych
    • i
    • Nr tomu wydaw.cg
    • Nr 2 (1995)
    • p
    • Kod kreskowy
    • 2003300030799
    • r
    • Cena
    • 0.00
    • y
    • Status udostępniania
    • Tylko na miejscu
952 -Egzemplarz [ , ]
    • a
    • Numer inwentarzowy
    • Fc.3080
    • c
    • Sygnatura
    • Fc.3078
    • d
    • Lokalizacja
    • BNS Biblioteka Humanistyczna i Nauk Społecznych
    • i
    • Nr tomu wydaw.cg
    • Nr 3 (1995)
    • p
    • Kod kreskowy
    • 2003300030805
    • r
    • Cena
    • 0.00
    • y
    • Status udostępniania
    • Tylko na miejscu
952 -Egzemplarz [ , ]
    • a
    • Numer inwentarzowy
    • Fc.3081
    • c
    • Sygnatura
    • Fc.3078
    • d
    • Lokalizacja
    • BNS Biblioteka Humanistyczna i Nauk Społecznych
    • i
    • Nr tomu wydaw.cg
    • Nr 4 (1995)
    • p
    • Kod kreskowy
    • 2003300030812
    • r
    • Cena
    • 0.00
    • y
    • Status udostępniania
    • Tylko na miejscu
952 -Egzemplarz [ , ]
    • a
    • Numer inwentarzowy
    • Fc.3239
    • c
    • Sygnatura
    • Fc.3078
    • d
    • Lokalizacja
    • BNS Biblioteka Humanistyczna i Nauk Społecznych
    • i
    • Nr tomu wydaw.cg
    • Nr 5 (1995)
    • p
    • Kod kreskowy
    • 2003300032397
    • r
    • Cena
    • 0.00
    • y
    • Status udostępniania
    • Tylko na miejscu
952 -Egzemplarz [ , ]
    • a
    • Numer inwentarzowy
    • Fc.3240
    • c
    • Sygnatura
    • Fc.3078
    • d
    • Lokalizacja
    • BNS Biblioteka Humanistyczna i Nauk Społecznych
    • i
    • Nr tomu wydaw.cg
    • Nr 6 (1996)
    • p
    • Kod kreskowy
    • 2003300032403
    • r
    • Cena
    • 0.00
    • y
    • Status udostępniania
    • Tylko na miejscu
952 -Egzemplarz [ , ]
    • a
    • Numer inwentarzowy
    • Fc.3241
    • c
    • Sygnatura
    • Fc.3078
    • d
    • Lokalizacja
    • BNS Biblioteka Humanistyczna i Nauk Społecznych
    • i
    • Nr tomu wydaw.cg
    • Nr 7 (1996)
    • p
    • Kod kreskowy
    • 2003300032410
    • r
    • Cena
    • 0.00
    • y
    • Status udostępniania
    • Tylko na miejscu
952 -Egzemplarz [ , ]
    • a
    • Numer inwentarzowy
    • Fc.3242
    • c
    • Sygnatura
    • Fc.3078
    • d
    • Lokalizacja
    • BNS Biblioteka Humanistyczna i Nauk Społecznych
    • i
    • Nr tomu wydaw.cg
    • Nr 8 (1996)
    • p
    • Kod kreskowy
    • 2003300032427
    • r
    • Cena
    • 0.00
    • y
    • Status udostępniania
    • Tylko na miejscu
952 -Egzemplarz [ , ]
    • a
    • Numer inwentarzowy
    • Fc.3243
    • c
    • Sygnatura
    • Fc.3078
    • d
    • Lokalizacja
    • BNS Biblioteka Humanistyczna i Nauk Społecznych
    • i
    • Nr tomu wydaw.cg
    • Nr 9 (1996)
    • p
    • Kod kreskowy
    • 2003300032434
    • r
    • Cena
    • 0.00
    • y
    • Status udostępniania
    • Tylko na miejscu
952 -Egzemplarz [ , ]
    • a
    • Numer inwentarzowy
    • Fc.3244
    • c
    • Sygnatura
    • Fc.3078
    • d
    • Lokalizacja
    • BNS Biblioteka Humanistyczna i Nauk Społecznych
    • i
    • Nr tomu wydaw.cg
    • Nr 10 (1997)
    • p
    • Kod kreskowy
    • 2003300032441
    • r
    • Cena
    • 0.00
    • y
    • Status udostępniania
    • Tylko na miejscu
952 -Egzemplarz [ , ]
    • a
    • Numer inwentarzowy
    • Fc.3245
    • c
    • Sygnatura
    • Fc.3078
    • d
    • Lokalizacja
    • BNS Biblioteka Humanistyczna i Nauk Społecznych
    • i
    • Nr tomu wydaw.cg
    • Nr 11 (1997)
    • p
    • Kod kreskowy
    • 2003300032458
    • r
    • Cena
    • 0.00
    • y
    • Status udostępniania
    • Tylko na miejscu
952 -Egzemplarz [ , ]
    • a
    • Numer inwentarzowy
    • Fc.3246
    • c
    • Sygnatura
    • Fc.3078
    • d
    • Lokalizacja
    • BNS Biblioteka Humanistyczna i Nauk Społecznych
    • i
    • Nr tomu wydaw.cg
    • Nr 12 (1997)
    • p
    • Kod kreskowy
    • 2003300032465
    • r
    • Cena
    • 0.00
    • y
    • Status udostępniania
    • Tylko na miejscu
952 -Egzemplarz [ , ]
    • a
    • Numer inwentarzowy
    • Fc.3247
    • c
    • Sygnatura
    • Fc.3078
    • d
    • Lokalizacja
    • BNS Biblioteka Humanistyczna i Nauk Społecznych
    • i
    • Nr tomu wydaw.cg
    • Nr 13 (1997)
    • p
    • Kod kreskowy
    • 2003300032472
    • r
    • Cena
    • 0.00
    • y
    • Status udostępniania
    • Tylko na miejscu
952 -Egzemplarz [ , ]
    • a
    • Numer inwentarzowy
    • Fc.3248
    • c
    • Sygnatura
    • Fc.3078
    • d
    • Lokalizacja
    • BNS Biblioteka Humanistyczna i Nauk Społecznych
    • i
    • Nr tomu wydaw.cg
    • Nr 14 (1997)
    • p
    • Kod kreskowy
    • 2003300032489
    • r
    • Cena
    • 0.00
    • y
    • Status udostępniania
    • Tylko na miejscu
952 -Egzemplarz [ , ]
    • a
    • Numer inwentarzowy
    • Fc.3480
    • c
    • Sygnatura
    • Fc.3078
    • d
    • Lokalizacja
    • BNS Biblioteka Humanistyczna i Nauk Społecznych
    • i
    • Nr tomu wydaw.cg
    • Nr 15 (1998)
    • p
    • Kod kreskowy
    • 2003300034803
    • r
    • Cena
    • 0.00
    • y
    • Status udostępniania
    • Tylko na miejscu
952 -Egzemplarz [ , ]
    • a
    • Numer inwentarzowy
    • Fc.3481
    • c
    • Sygnatura
    • Fc.3078
    • d
    • Lokalizacja
    • BNS Biblioteka Humanistyczna i Nauk Społecznych
    • i
    • Nr tomu wydaw.cg
    • Nr 16 (1998)
    • p
    • Kod kreskowy
    • 2003300034810
    • r
    • Cena
    • 0.00
    • y
    • Status udostępniania
    • Tylko na miejscu
952 -Egzemplarz [ , ]
    • a
    • Numer inwentarzowy
    • Fc.3631
    • c
    • Sygnatura
    • Fc.3078
    • d
    • Lokalizacja
    • BNS Biblioteka Humanistyczna i Nauk Społecznych
    • i
    • Nr tomu wydaw.cg
    • Nr 17 (1998)
    • p
    • Kod kreskowy
    • 2003300036319
    • r
    • Cena
    • 0.00
    • y
    • Status udostępniania
    • Tylko na miejscu
952 -Egzemplarz [ , ]
    • a
    • Numer inwentarzowy
    • Fc.3492
    • c
    • Sygnatura
    • Fc.3078
    • d
    • Lokalizacja
    • BNS Biblioteka Humanistyczna i Nauk Społecznych
    • i
    • Nr tomu wydaw.cg
    • Nr 18 (1998)
    • p
    • Kod kreskowy
    • 2003300034926
    • r
    • Cena
    • 0.00
    • y
    • Status udostępniania
    • Tylko na miejscu
952 -Egzemplarz [ , ]
    • a
    • Numer inwentarzowy
    • Fc.3512
    • c
    • Sygnatura
    • Fc.3078
    • d
    • Lokalizacja
    • BNS Biblioteka Humanistyczna i Nauk Społecznych
    • i
    • Nr tomu wydaw.cg
    • Nr 19 (1998)
    • p
    • Kod kreskowy
    • 2003300035121
    • r
    • Cena
    • 0.00
    • y
    • Status udostępniania
    • Tylko na miejscu
952 -Egzemplarz [ , ]
    • a
    • Numer inwentarzowy
    • Fc.3632
    • c
    • Sygnatura
    • Fc.3078
    • d
    • Lokalizacja
    • BNS Biblioteka Humanistyczna i Nauk Społecznych
    • i
    • Nr tomu wydaw.cg
    • Nr 20 (1998)
    • p
    • Kod kreskowy
    • 2003300036326
    • r
    • Cena
    • 0.00
    • y
    • Status udostępniania
    • Tylko na miejscu
952 -Egzemplarz [ , ]
    • a
    • Numer inwentarzowy
    • Fc.4222
    • c
    • Sygnatura
    • Fc.3078
    • d
    • Lokalizacja
    • BNS Biblioteka Humanistyczna i Nauk Społecznych
    • i
    • Nr tomu wydaw.cg
    • Nr 21 (1998)
    • p
    • Kod kreskowy
    • 2003300042228
    • r
    • Cena
    • 0.00
    • y
    • Status udostępniania
    • Tylko na miejscu
952 -Egzemplarz [ , ]
    • a
    • Numer inwentarzowy
    • Fc.3645
    • c
    • Sygnatura
    • Fc.3078
    • d
    • Lokalizacja
    • BNS Biblioteka Humanistyczna i Nauk Społecznych
    • i
    • Nr tomu wydaw.cg
    • Nr 22 (1999)
    • p
    • Kod kreskowy
    • 2003300036456
    • r
    • Cena
    • 0
    • y
    • Status udostępniania
    • Tylko na miejscu
952 -Egzemplarz [ , ]
    • a
    • Numer inwentarzowy
    • Fc.4223
    • c
    • Sygnatura
    • Fc.3078
    • d
    • Lokalizacja
    • BNS Biblioteka Humanistyczna i Nauk Społecznych
    • i
    • Nr tomu wydaw.cg
    • Nr 23 (1999)
    • p
    • Kod kreskowy
    • 2003300042235
    • r
    • Cena
    • 0.00
    • y
    • Status udostępniania
    • Tylko na miejscu
952 -Egzemplarz [ , ]
    • a
    • Numer inwentarzowy
    • Fc.3646
    • c
    • Sygnatura
    • Fc.3078
    • d
    • Lokalizacja
    • BNS Biblioteka Humanistyczna i Nauk Społecznych
    • i
    • Nr tomu wydaw.cg
    • Nr 24 (1999)
    • p
    • Kod kreskowy
    • 2003300036463
    • r
    • Cena
    • 0.00
    • y
    • Status udostępniania
    • Tylko na miejscu
952 -Egzemplarz [ , ]
    • a
    • Numer inwentarzowy
    • Fc.3652
    • c
    • Sygnatura
    • Fc.3078
    • d
    • Lokalizacja
    • BNS Biblioteka Humanistyczna i Nauk Społecznych
    • i
    • Nr tomu wydaw.cg
    • Nr 25 (1999)
    • p
    • Kod kreskowy
    • 2003300036524
    • r
    • Cena
    • 0.00
    • y
    • Status udostępniania
    • Tylko na miejscu
952 -Egzemplarz [ , ]
    • a
    • Numer inwentarzowy
    • Hc.5342
    • c
    • Sygnatura
    • Fc.3078
    • d
    • Lokalizacja
    • BNS Biblioteka Humanistyczna i Nauk Społecznych
    • i
    • Nr tomu wydaw.cg
    • Nr 26 (1999)
    • p
    • Kod kreskowy
    • 2003500053420
    • r
    • Cena
    • 0.00
    • y
    • Status udostępniania
    • Tylko na miejscu
952 -Egzemplarz [ , ]
    • a
    • Numer inwentarzowy
    • Hc.5343
    • c
    • Sygnatura
    • Fc.3078
    • d
    • Lokalizacja
    • BNS Biblioteka Humanistyczna i Nauk Społecznych
    • i
    • Nr tomu wydaw.cg
    • Nr 27 (2000)
    • p
    • Kod kreskowy
    • 2003500053437
    • r
    • Cena
    • 0.00
    • y
    • Status udostępniania
    • Tylko na miejscu
952 -Egzemplarz [ , ]
    • a
    • Numer inwentarzowy
    • Fc.3771
    • c
    • Sygnatura
    • Fc.3078
    • d
    • Lokalizacja
    • BNS Biblioteka Humanistyczna i Nauk Społecznych
    • i
    • Nr tomu wydaw.cg
    • Nr 28 (2000)
    • p
    • Kod kreskowy
    • 2003300037712
    • r
    • Cena
    • 0.00
    • y
    • Status udostępniania
    • Tylko na miejscu
952 -Egzemplarz [ , ]
    • a
    • Numer inwentarzowy
    • Fc.3782
    • c
    • Sygnatura
    • Fc.3078
    • d
    • Lokalizacja
    • BNS Biblioteka Humanistyczna i Nauk Społecznych
    • i
    • Nr tomu wydaw.cg
    • Nr 29 (2000)
    • p
    • Kod kreskowy
    • 2003300037828
    • r
    • Cena
    • 0.00
    • y
    • Status udostępniania
    • Tylko na miejscu
952 -Egzemplarz [ , ]
    • a
    • Numer inwentarzowy
    • Hc.5344
    • c
    • Sygnatura
    • Fc.3078
    • d
    • Lokalizacja
    • BNS Biblioteka Humanistyczna i Nauk Społecznych
    • i
    • Nr tomu wydaw.cg
    • Nr 30 (2000)
    • p
    • Kod kreskowy
    • 2003500053444
    • r
    • Cena
    • 0.00
    • y
    • Status udostępniania
    • Tylko na miejscu
952 -Egzemplarz [ , ]
    • a
    • Numer inwentarzowy
    • Fc.3821
    • c
    • Sygnatura
    • Fc.3078
    • d
    • Lokalizacja
    • BNS Biblioteka Humanistyczna i Nauk Społecznych
    • i
    • Nr tomu wydaw.cg
    • Nr 31 (2000)
    • p
    • Kod kreskowy
    • 2003300038214
    • r
    • Cena
    • 0.00
    • y
    • Status udostępniania
    • Tylko na miejscu
952 -Egzemplarz [ , ]
    • a
    • Numer inwentarzowy
    • Fc.3928
    • c
    • Sygnatura
    • Fc.3078
    • d
    • Lokalizacja
    • BNS Biblioteka Humanistyczna i Nauk Społecznych
    • i
    • Nr tomu wydaw.cg
    • Nr 32 (2000)
    • p
    • Kod kreskowy
    • 2003300039280
    • r
    • Cena
    • 0.00
    • y
    • Status udostępniania
    • Tylko na miejscu
952 -Egzemplarz [ , ]
    • a
    • Numer inwentarzowy
    • Fc.3902
    • c
    • Sygnatura
    • Fc.3078
    • d
    • Lokalizacja
    • BNS Biblioteka Humanistyczna i Nauk Społecznych
    • i
    • Nr tomu wydaw.cg
    • Nr 33 (2000)
    • p
    • Kod kreskowy
    • 2003300039020
    • r
    • Cena
    • 0.00
    • y
    • Status udostępniania
    • Tylko na miejscu
952 -Egzemplarz [ , ]
    • a
    • Numer inwentarzowy
    • Fc.3931
    • c
    • Sygnatura
    • Fc.3078
    • d
    • Lokalizacja
    • BNS Biblioteka Humanistyczna i Nauk Społecznych
    • i
    • Nr tomu wydaw.cg
    • Nr 38 (2001)
    • p
    • Kod kreskowy
    • 2003300039310
    • r
    • Cena
    • 0.00
    • y
    • Status udostępniania
    • Tylko na miejscu
952 -Egzemplarz [ , ]
    • a
    • Numer inwentarzowy
    • Fc.3939
    • c
    • Sygnatura
    • Fc.3078
    • d
    • Lokalizacja
    • BNS Biblioteka Humanistyczna i Nauk Społecznych
    • i
    • Nr tomu wydaw.cg
    • Nr 40 (2001)
    • p
    • Kod kreskowy
    • 2003300039396
    • r
    • Cena
    • 0.00
    • y
    • Status udostępniania
    • Tylko na miejscu
952 -Egzemplarz [ , ]
    • a
    • Numer inwentarzowy
    • Fc.3945
    • c
    • Sygnatura
    • Fc.3078
    • d
    • Lokalizacja
    • BNS Biblioteka Humanistyczna i Nauk Społecznych
    • i
    • Nr tomu wydaw.cg
    • Nr 41 (2001)
    • p
    • Kod kreskowy
    • 2003300039457
    • r
    • Cena
    • 0.00
    • y
    • Status udostępniania
    • Tylko na miejscu
952 -Egzemplarz [ , ]
    • a
    • Numer inwentarzowy
    • Fc.3952
    • c
    • Sygnatura
    • Fc.3078
    • d
    • Lokalizacja
    • BNS Biblioteka Humanistyczna i Nauk Społecznych
    • i
    • Nr tomu wydaw.cg
    • Nr 42 (2001)
    • p
    • Kod kreskowy
    • 2003300039525
    • r
    • Cena
    • 0.00
    • y
    • Status udostępniania
    • Tylko na miejscu
952 -Egzemplarz [ , ]
    • a
    • Numer inwentarzowy
    • Fc.3951
    • c
    • Sygnatura
    • Fc.3078
    • d
    • Lokalizacja
    • BNS Biblioteka Humanistyczna i Nauk Społecznych
    • i
    • Nr tomu wydaw.cg
    • Nr 43 (2001)
    • p
    • Kod kreskowy
    • 2003300039518
    • r
    • Cena
    • 0.00
    • y
    • Status udostępniania
    • Tylko na miejscu
952 -Egzemplarz [ , ]
    • a
    • Numer inwentarzowy
    • Fc.3975
    • c
    • Sygnatura
    • Fc.3078
    • d
    • Lokalizacja
    • BNS Biblioteka Humanistyczna i Nauk Społecznych
    • i
    • Nr tomu wydaw.cg
    • Nr 45 (2001)
    • p
    • Kod kreskowy
    • 2003300039754
    • r
    • Cena
    • 0.00
    • y
    • Status udostępniania
    • Tylko na miejscu
952 -Egzemplarz [ , ]
    • a
    • Numer inwentarzowy
    • Fc.4035
    • c
    • Sygnatura
    • Fc.3078
    • d
    • Lokalizacja
    • BNS Biblioteka Humanistyczna i Nauk Społecznych
    • i
    • Nr tomu wydaw.cg
    • Nr 47 (2001)
    • p
    • Kod kreskowy
    • 2003300040354
    • r
    • Cena
    • 0.00
    • y
    • Status udostępniania
    • Tylko na miejscu
952 -Egzemplarz [ , ]
    • a
    • Numer inwentarzowy
    • Fc.4080
    • c
    • Sygnatura
    • Fc.3078
    • d
    • Lokalizacja
    • BNS Biblioteka Humanistyczna i Nauk Społecznych
    • i
    • Nr tomu wydaw.cg
    • Nr 49 (2002)
    • p
    • Kod kreskowy
    • 2003300040804
    • r
    • Cena
    • 0.00
    • y
    • Status udostępniania
    • Tylko na miejscu
952 -Egzemplarz [ , ]
    • a
    • Numer inwentarzowy
    • Fc.4081
    • c
    • Sygnatura
    • Fc.3078
    • d
    • Lokalizacja
    • BNS Biblioteka Humanistyczna i Nauk Społecznych
    • i
    • Nr tomu wydaw.cg
    • Nr 50 (2002)
    • p
    • Kod kreskowy
    • 2003300040811
    • r
    • Cena
    • 0.00
    • y
    • Status udostępniania
    • Tylko na miejscu
952 -Egzemplarz [ , ]
    • a
    • Numer inwentarzowy
    • Hc.5345
    • c
    • Sygnatura
    • Fc.3078
    • d
    • Lokalizacja
    • BNS Biblioteka Humanistyczna i Nauk Społecznych
    • i
    • Nr tomu wydaw.cg
    • Nr 51 (2002)
    • p
    • Kod kreskowy
    • 2003500053451
    • r
    • Cena
    • 0.00
    • y
    • Status udostępniania
    • Tylko na miejscu
952 -Egzemplarz [ , ]
    • a
    • Numer inwentarzowy
    • Fc.4332
    • c
    • Sygnatura
    • Fc.3078
    • d
    • Lokalizacja
    • BNS Biblioteka Humanistyczna i Nauk Społecznych
    • i
    • Nr tomu wydaw.cg
    • Nr 52 (2002)
    • p
    • Kod kreskowy
    • 2003300043324
    • r
    • Cena
    • 0.00
    • y
    • Status udostępniania
    • Tylko na miejscu
952 -Egzemplarz [ , ]
    • a
    • Numer inwentarzowy
    • Hc.5346
    • c
    • Sygnatura
    • Fc.3078
    • d
    • Lokalizacja
    • BNS Biblioteka Humanistyczna i Nauk Społecznych
    • i
    • Nr tomu wydaw.cg
    • Nr 53 cz.1-2 (2002) Wydanie Specjalne
    • p
    • Kod kreskowy
    • 2003500053468
    • r
    • Cena
    • 0.00
    • y
    • Status udostępniania
    • Tylko na miejscu
952 -Egzemplarz [ , ]
    • a
    • Numer inwentarzowy
    • Fc.4288
    • c
    • Sygnatura
    • Fc.3078
    • d
    • Lokalizacja
    • BNS Biblioteka Humanistyczna i Nauk Społecznych
    • i
    • Nr tomu wydaw.cg
    • Nr 55 (2002)
    • p
    • Kod kreskowy
    • 2003300042884
    • r
    • Cena
    • 0.00
    • y
    • Status udostępniania
    • Tylko na miejscu
952 -Egzemplarz [ , ]
    • a
    • Numer inwentarzowy
    • Fc.4334
    • c
    • Sygnatura
    • Fc.3078
    • d
    • Lokalizacja
    • BNS Biblioteka Humanistyczna i Nauk Społecznych
    • i
    • Nr tomu wydaw.cg
    • Nr 58 (2002)
    • p
    • Kod kreskowy
    • 2003300043348
    • r
    • Cena
    • 0.00
    • y
    • Status udostępniania
    • Tylko na miejscu
952 -Egzemplarz [ , ]
    • a
    • Numer inwentarzowy
    • Fc.4335
    • c
    • Sygnatura
    • Fc.3078
    • d
    • Lokalizacja
    • BNS Biblioteka Humanistyczna i Nauk Społecznych
    • i
    • Nr tomu wydaw.cg
    • Nr 59 (2002)
    • p
    • Kod kreskowy
    • 2003300043355
    • r
    • Cena
    • 0.00
    • y
    • Status udostępniania
    • Tylko na miejscu
952 -Egzemplarz [ , ]
    • a
    • Numer inwentarzowy
    • Hc.5347
    • c
    • Sygnatura
    • Fc.3078
    • d
    • Lokalizacja
    • BNS Biblioteka Humanistyczna i Nauk Społecznych
    • i
    • Nr tomu wydaw.cg
    • Nr 61 (2003)
    • p
    • Kod kreskowy
    • 2003500053475
    • r
    • Cena
    • 0.00
    • y
    • Status udostępniania
    • Tylko na miejscu
952 -Egzemplarz [ , ]
    • a
    • Numer inwentarzowy
    • Hc.4625
    • c
    • Sygnatura
    • Fc.3078
    • d
    • Lokalizacja
    • BNS Biblioteka Humanistyczna i Nauk Społecznych
    • i
    • Nr tomu wydaw.cg
    • Nr 63 (2003)
    • p
    • Kod kreskowy
    • 2003500046255
    • r
    • Cena
    • 0.00
    • y
    • Status udostępniania
    • Tylko na miejscu
952 -Egzemplarz [ , ]
    • a
    • Numer inwentarzowy
    • Hc.4311
    • c
    • Sygnatura
    • Fc.3078
    • d
    • Lokalizacja
    • BNS Biblioteka Humanistyczna i Nauk Społecznych
    • i
    • Nr tomu wydaw.cg
    • Nr 64 (2003)
    • p
    • Kod kreskowy
    • 2003500043117
    • r
    • Cena
    • 0.00
    • y
    • Status udostępniania
    • Tylko na miejscu
952 -Egzemplarz [ , ]
    • a
    • Numer inwentarzowy
    • Hc.5348
    • c
    • Sygnatura
    • Fc.3078
    • d
    • Lokalizacja
    • BNS Biblioteka Humanistyczna i Nauk Społecznych
    • i
    • Nr tomu wydaw.cg
    • Nr 68 (2003)
    • p
    • Kod kreskowy
    • 2003500053482
    • r
    • Cena
    • 0.00
    • y
    • Status udostępniania
    • Tylko na miejscu
952 -Egzemplarz [ , ]
    • a
    • Numer inwentarzowy
    • CEc.170
    • c
    • Sygnatura
    • CEc.3
    • d
    • Lokalizacja
    • BG Dział Udostępniania Biblioteka Główna
    • e
    • Akcesja
    • 04d651/11
    • i
    • Nr tomu wydaw.cg
    • Nr 73 (2004)
    • n
    • Powiązanie z serią
    • 76
    • p
    • Kod kreskowy
    • 2002900001703
    • r
    • Cena
    • 15.0
    • w
    • Data inwentaryzacji
    • 2004-11-02
    • y
    • Status udostępniania
    • Tylko na miejscu
    • z
    • Sposób nabycia
    • dary zwarte
952 -Egzemplarz [ , ]
    • n
    • Powiązanie z serią
    • 103
    • c
    • Sygnatura
    • Cg.29208
    • r
    • Cena
    • 15.0
    • e
    • Akcesja
    • 04d651/11
    • f
    • Status książki wypożyczonej
    • Cg
    • i
    • Nr tomu wydaw.cg
    • Nr 73
    • a
    • Numer inwentarzowy
    • Cg.31496
    • w
    • Data inwentaryzacji
    • 2005-06-27
    • y
    • Status udostępniania
    • Tylko na miejscu
    • z
    • Sposób nabycia
    • dary zwarte
    • p
    • Kod kreskowy
    • 2003000314960
    • d
    • Lokalizacja
    • BG Dział Udostępniania Biblioteka Główna
    • g
    • Ubytek
    • 14/2018 - 2018-06-13
952 -Egzemplarz [ , ]
    • a
    • Numer inwentarzowy
    • Hc.4320
    • c
    • Sygnatura
    • Hc.4311
    • d
    • Lokalizacja
    • BNS Biblioteka Humanistyczna i Nauk Społecznych
    • e
    • Akcesja
    • 04d651/11
    • i
    • Nr tomu wydaw.cg
    • Nr 70, 72-73 (2004)
    • p
    • Kod kreskowy
    • 2003500043209
    • r
    • Cena
    • 15.00
    • w
    • Data inwentaryzacji
    • 2005-06-27
    • y
    • Status udostępniania
    • Tylko na miejscu
952 -Egzemplarz [ , ]
    • a
    • Numer inwentarzowy
    • Tc.1615
    • c
    • Sygnatura
    • Tc.613
    • e
    • Akcesja
    • 04d65/10
    • i
    • Nr tomu wydaw.cg
    • Nr 67 (2003)
    • n
    • Powiązanie z serią
    • 263
    • p
    • Kod kreskowy
    • 2004200016159
    • r
    • Cena
    • 12.0
    • w
    • Data inwentaryzacji
    • 2004-07-22
    • y
    • Status udostępniania
    • Nocne
    • z
    • Sposób nabycia
    • dary zwarte
952 -Egzemplarz [ , ]
    • a
    • Numer inwentarzowy
    • CEc.200
    • c
    • Sygnatura
    • CEc.3
    • d
    • Lokalizacja
    • BG Dział Udostępniania Biblioteka Główna
    • e
    • Akcesja
    • 04d65/10
    • i
    • Nr tomu wydaw.cg
    • Nr 67 (2003)
    • n
    • Powiązanie z serią
    • 70
    • p
    • Kod kreskowy
    • 2002900002007
    • r
    • Cena
    • 12.0
    • w
    • Data inwentaryzacji
    • 2005-04-15
    • y
    • Status udostępniania
    • Tylko na miejscu
    • z
    • Sposób nabycia
    • dary zwarte
952 -Egzemplarz [ , ]
    • a
    • Numer inwentarzowy
    • Tc.1613
    • c
    • Sygnatura
    • Tc.613
    • e
    • Akcesja
    • 04d2/24
    • i
    • Nr tomu wydaw.cg
    • Nr 65 (2003)
    • n
    • Powiązanie z serią
    • 261
    • p
    • Kod kreskowy
    • 2004200016135
    • r
    • Cena
    • 25.0
    • w
    • Data inwentaryzacji
    • 2004-07-22
    • y
    • Status udostępniania
    • Nocne
    • z
    • Sposób nabycia
    • dary zwarte
952 -Egzemplarz [ , ]
    • a
    • Numer inwentarzowy
    • CEc.152
    • c
    • Sygnatura
    • CEc.3
    • d
    • Lokalizacja
    • BG Dział Udostępniania Biblioteka Główna
    • e
    • Akcesja
    • 04d2/24
    • i
    • Nr tomu wydaw.cg
    • Nr 65 (2003)
    • n
    • Powiązanie z serią
    • 68
    • p
    • Kod kreskowy
    • 2002900001529
    • r
    • Cena
    • 25.0
    • w
    • Data inwentaryzacji
    • 2004-03-05
    • y
    • Status udostępniania
    • Tylko na miejscu
    • z
    • Sposób nabycia
    • dary zwarte
952 -Egzemplarz [ , ]
    • a
    • Numer inwentarzowy
    • Fc.4339
    • c
    • Sygnatura
    • Fc.3078
    • d
    • Lokalizacja
    • BNS Biblioteka Humanistyczna i Nauk Społecznych
    • e
    • Akcesja
    • 04d2/24
    • i
    • Nr tomu wydaw.cg
    • Nr 65 (2003)
    • n
    • Powiązanie z serią
    • 169
    • p
    • Kod kreskowy
    • 2003300043393
    • r
    • Cena
    • 25.0
    • w
    • Data inwentaryzacji
    • 2004-07-22
    • y
    • Status udostępniania
    • Tylko na miejscu
    • z
    • Sposób nabycia
    • dary zwarte
952 -Egzemplarz [ , ]
    • n
    • Powiązanie z serią
    • 97
    • c
    • Sygnatura
    • Cg.29208
    • r
    • Cena
    • 25.0
    • e
    • Akcesja
    • 04d2/24
    • f
    • Status książki wypożyczonej
    • Cg
    • i
    • Nr tomu wydaw.cg
    • Nr 65
    • a
    • Numer inwentarzowy
    • Cg.31044
    • w
    • Data inwentaryzacji
    • 2004-07-22
    • y
    • Status udostępniania
    • Tylko na miejscu
    • z
    • Sposób nabycia
    • dary zwarte
    • p
    • Kod kreskowy
    • 2003000310443
    • d
    • Lokalizacja
    • BG Dział Udostępniania Biblioteka Główna
    • g
    • Ubytek
    • 14/2018 - 2018-06-13
952 -Egzemplarz [ , ]
    • c
    • Sygnatura
    • CEc.3
    • d
    • Lokalizacja
    • BG Dział Udostępniania Biblioteka Główna
    • i
    • Nr tomu wydaw.cg
    • Nr 60 (2002)
    • r
    • Cena
    • 0.00
    • y
    • Status udostępniania
    • Tylko na miejscu
952 -Egzemplarz [ , ]
    • c
    • Sygnatura
    • Tc.613
    • d
    • Lokalizacja
    • T Biblioteka Kampusowa Cukrowa EFZ
    • i
    • Nr tomu wydaw.cg
    • Nr 60 (2002)
    • r
    • Cena
    • 0.00
    • y
    • Status udostępniania
    • Tylko na miejscu
952 -Egzemplarz [ , ]
    • a
    • Numer inwentarzowy
    • Tc.1395
    • c
    • Sygnatura
    • Tc.613
    • e
    • Akcesja
    • 03d296/1
    • i
    • Nr tomu wydaw.cg
    • Nr 56 (2002)
    • n
    • Powiązanie z serią
    • 255
    • p
    • Kod kreskowy
    • 2004200013950
    • r
    • Cena
    • 25.0
    • w
    • Data inwentaryzacji
    • 2004-02-25
    • y
    • Status udostępniania
    • Nocne
    • z
    • Sposób nabycia
    • dary zwarte
952 -Egzemplarz [ , ]
    • a
    • Numer inwentarzowy
    • CEc.128
    • c
    • Sygnatura
    • CEc.3
    • d
    • Lokalizacja
    • BG Dział Udostępniania Biblioteka Główna
    • e
    • Akcesja
    • 03d296/1
    • i
    • Nr tomu wydaw.cg
    • Nr 56 (2002)
    • n
    • Powiązanie z serią
    • 59
    • p
    • Kod kreskowy
    • 2002900001284
    • r
    • Cena
    • 25.0
    • w
    • Data inwentaryzacji
    • 2003-08-28
    • y
    • Status udostępniania
    • Tylko na miejscu
    • z
    • Sposób nabycia
    • dary zwarte
952 -Egzemplarz [ , ]
    • a
    • Numer inwentarzowy
    • Fc.4333
    • c
    • Sygnatura
    • Fc.3078
    • d
    • Lokalizacja
    • BNS Biblioteka Humanistyczna i Nauk Społecznych
    • e
    • Akcesja
    • 03d296/1
    • i
    • Nr tomu wydaw.cg
    • Nr 56 (2002)
    • n
    • Powiązanie z serią
    • 165
    • p
    • Kod kreskowy
    • 2003300043331
    • r
    • Cena
    • 25.0
    • w
    • Data inwentaryzacji
    • 2004-05-19
    • y
    • Status udostępniania
    • Tylko na miejscu
    • z
    • Sposób nabycia
    • dary zwarte
952 -Egzemplarz [ , ]
    • n
    • Powiązanie z serią
    • 92
    • c
    • Sygnatura
    • Cg.29208
    • r
    • Cena
    • 25.0
    • e
    • Akcesja
    • 03d296/1
    • f
    • Status książki wypożyczonej
    • Cg
    • i
    • Nr tomu wydaw.cg
    • Nr 56
    • a
    • Numer inwentarzowy
    • Cg.30676
    • w
    • Data inwentaryzacji
    • 2004-02-16
    • y
    • Status udostępniania
    • Tylko na miejscu
    • z
    • Sposób nabycia
    • dary zwarte
    • p
    • Kod kreskowy
    • 2003000306767
    • d
    • Lokalizacja
    • BG Dział Udostępniania Biblioteka Główna
    • g
    • Ubytek
    • 14/2018 - 2018-06-13
952 -Egzemplarz [ , ]
    • a
    • Numer inwentarzowy
    • Tc.1396
    • c
    • Sygnatura
    • Tc.613
    • e
    • Akcesja
    • 02d818/1
    • i
    • Nr tomu wydaw.cg
    • Nr 57 (2002)
    • n
    • Powiązanie z serią
    • 256
    • p
    • Kod kreskowy
    • 2004200013967
    • r
    • Cena
    • 15.0
    • w
    • Data inwentaryzacji
    • 2004-02-25
    • y
    • Status udostępniania
    • Nocne
    • z
    • Sposób nabycia
    • dary zwarte
952 -Egzemplarz [ , ]
    • a
    • Numer inwentarzowy
    • CEc.113
    • c
    • Sygnatura
    • CEc.3
    • d
    • Lokalizacja
    • BG Dział Udostępniania Biblioteka Główna
    • e
    • Akcesja
    • 02d818/1
    • i
    • Nr tomu wydaw.cg
    • Nr 57 (2002)
    • n
    • Powiązanie z serią
    • 60
    • p
    • Kod kreskowy
    • 2002900001130
    • r
    • Cena
    • 15.0
    • w
    • Data inwentaryzacji
    • 2003-06-30
    • y
    • Status udostępniania
    • Tylko na miejscu
    • z
    • Sposób nabycia
    • dary zwarte
952 -Egzemplarz [ , ]
    • a
    • Numer inwentarzowy
    • Fc.4289
    • c
    • Sygnatura
    • Fc.3078
    • d
    • Lokalizacja
    • BNS Biblioteka Humanistyczna i Nauk Społecznych
    • e
    • Akcesja
    • 02d818/1
    • i
    • Nr tomu wydaw.cg
    • Nr 57 (2002)
    • n
    • Powiązanie z serią
    • 166
    • p
    • Kod kreskowy
    • 2003300042891
    • r
    • Cena
    • 15.0
    • w
    • Data inwentaryzacji
    • 2004-02-25
    • y
    • Status udostępniania
    • Tylko na miejscu
    • z
    • Sposób nabycia
    • dary zwarte
952 -Egzemplarz [ , ]
    • n
    • Powiązanie z serią
    • 93
    • c
    • Sygnatura
    • Cg.29208
    • r
    • Cena
    • 15.0
    • e
    • Akcesja
    • 02d818/1
    • f
    • Status książki wypożyczonej
    • Cg
    • i
    • Nr tomu wydaw.cg
    • Nr 57
    • a
    • Numer inwentarzowy
    • Cg.30413
    • w
    • Data inwentaryzacji
    • 2003-08-28
    • y
    • Status udostępniania
    • Tylko na miejscu
    • z
    • Sposób nabycia
    • dary zwarte
    • p
    • Kod kreskowy
    • 2003000304138
    • d
    • Lokalizacja
    • BG Dział Udostępniania Biblioteka Główna
    • g
    • Ubytek
    • 14/2018 - 2018-06-13
952 -Egzemplarz [ , ]
    • a
    • Numer inwentarzowy
    • Tc.1386
    • c
    • Sygnatura
    • Tc.613
    • e
    • Akcesja
    • 02d630/25
    • i
    • Nr tomu wydaw.cg
    • Nr 54 (2002)
    • n
    • Powiązanie z serią
    • 252
    • p
    • Kod kreskowy
    • 2004200013868
    • r
    • Cena
    • 15.0
    • w
    • Data inwentaryzacji
    • 2004-02-25
    • y
    • Status udostępniania
    • Nocne
    • z
    • Sposób nabycia
    • dary zwarte
952 -Egzemplarz [ , ]
    • a
    • Numer inwentarzowy
    • Tc.1393
    • c
    • Sygnatura
    • Tc.613
    • e
    • Akcesja
    • 02d630/25
    • i
    • Nr tomu wydaw.cg
    • Nr 54 (2002)
    • n
    • Powiązanie z serią
    • 253
    • p
    • Kod kreskowy
    • 2004200013936
    • r
    • Cena
    • 15.0
    • w
    • Data inwentaryzacji
    • 2004-02-25
    • y
    • Status udostępniania
    • Nocne
    • z
    • Sposób nabycia
    • dary zwarte
952 -Egzemplarz [ , ]
    • a
    • Numer inwentarzowy
    • CEc.111
    • c
    • Sygnatura
    • CEc.3
    • d
    • Lokalizacja
    • BG Dział Udostępniania Biblioteka Główna
    • e
    • Akcesja
    • 02d630/25
    • i
    • Nr tomu wydaw.cg
    • Nr 54 (2002)
    • n
    • Powiązanie z serią
    • 57
    • p
    • Kod kreskowy
    • 2002900001116
    • r
    • Cena
    • 15.0
    • w
    • Data inwentaryzacji
    • 2002-10-23
    • y
    • Status udostępniania
    • Tylko na miejscu
    • z
    • Sposób nabycia
    • dary zwarte
952 -Egzemplarz [ , ]
    • a
    • Numer inwentarzowy
    • Fc.4287
    • c
    • Sygnatura
    • Fc.3078
    • d
    • Lokalizacja
    • BNS Biblioteka Humanistyczna i Nauk Społecznych
    • e
    • Akcesja
    • 02d630/25
    • i
    • Nr tomu wydaw.cg
    • Nr 54 (2002)
    • n
    • Powiązanie z serią
    • 163
    • p
    • Kod kreskowy
    • 2003300042877
    • r
    • Cena
    • 15.0
    • w
    • Data inwentaryzacji
    • 2004-02-25
    • y
    • Status udostępniania
    • Tylko na miejscu
    • z
    • Sposób nabycia
    • dary zwarte
952 -Egzemplarz [ , ]
    • n
    • Powiązanie z serią
    • 91
    • c
    • Sygnatura
    • Cg.29208
    • r
    • Cena
    • 15.0
    • e
    • Akcesja
    • 02d630/25
    • f
    • Status książki wypożyczonej
    • Cg
    • i
    • Nr tomu wydaw.cg
    • Nr 54
    • a
    • Numer inwentarzowy
    • Cg.30404
    • w
    • Data inwentaryzacji
    • 2003-08-28
    • y
    • Status udostępniania
    • Tylko na miejscu
    • z
    • Sposób nabycia
    • dary zwarte
    • p
    • Kod kreskowy
    • 2003000304046
    • d
    • Lokalizacja
    • BG Dział Udostępniania Biblioteka Główna
    • g
    • Ubytek
    • 14/2018 - 2018-06-13
952 -Egzemplarz [ , ]
    • a
    • Numer inwentarzowy
    • Tc.1387
    • c
    • Sygnatura
    • Tc.613
    • e
    • Akcesja
    • 02d183/2
    • i
    • Nr tomu wydaw.cg
    • Nr 48 (2002)
    • n
    • Powiązanie z serią
    • 245
    • p
    • Kod kreskowy
    • 2004200013875
    • r
    • Cena
    • 10.0
    • w
    • Data inwentaryzacji
    • 2004-02-25
    • y
    • Status udostępniania
    • Nocne
    • z
    • Sposób nabycia
    • dary zwarte
952 -Egzemplarz [ , ]
    • a
    • Numer inwentarzowy
    • CEc.100
    • c
    • Sygnatura
    • CEc.3
    • d
    • Lokalizacja
    • BG Dział Udostępniania Biblioteka Główna
    • e
    • Akcesja
    • 02d183/2
    • i
    • Nr tomu wydaw.cg
    • Nr 48 (2002)
    • n
    • Powiązanie z serią
    • 50
    • p
    • Kod kreskowy
    • 2002900001000
    • r
    • Cena
    • 10.0
    • w
    • Data inwentaryzacji
    • 2002-03-18
    • y
    • Status udostępniania
    • Tylko na miejscu
    • z
    • Sposób nabycia
    • dary zwarte
952 -Egzemplarz [ , ]
    • a
    • Numer inwentarzowy
    • Tc.1111
    • c
    • Sygnatura
    • Tc.613
    • e
    • Akcesja
    • 02d123/10
    • i
    • Nr tomu wydaw.cg
    • Nr 46 (2001)
    • n
    • Powiązanie z serią
    • 243
    • p
    • Kod kreskowy
    • 2004200011116
    • r
    • Cena
    • 15.0
    • w
    • Data inwentaryzacji
    • 2002-04-10
    • y
    • Status udostępniania
    • Nocne
    • z
    • Sposób nabycia
    • dary zwarte
952 -Egzemplarz [ , ]
    • a
    • Numer inwentarzowy
    • CEc.98
    • c
    • Sygnatura
    • CEc.3
    • d
    • Lokalizacja
    • BG Dział Udostępniania Biblioteka Główna
    • e
    • Akcesja
    • 02d123/10
    • i
    • Nr tomu wydaw.cg
    • Nr 46 (2001)
    • n
    • Powiązanie z serią
    • 48
    • p
    • Kod kreskowy
    • 2002900000980
    • r
    • Cena
    • 15.0
    • w
    • Data inwentaryzacji
    • 2002-03-07
    • y
    • Status udostępniania
    • Tylko na miejscu
    • z
    • Sposób nabycia
    • dary zwarte
952 -Egzemplarz [ , ]
    • a
    • Numer inwentarzowy
    • Fc.4034
    • c
    • Sygnatura
    • Fc.3078
    • d
    • Lokalizacja
    • BNS Biblioteka Humanistyczna i Nauk Społecznych
    • e
    • Akcesja
    • 02d123/10
    • i
    • Nr tomu wydaw.cg
    • Nr 46 (2001)
    • n
    • Powiązanie z serią
    • 158
    • p
    • Kod kreskowy
    • 2003300040347
    • r
    • Cena
    • 15.0
    • w
    • Data inwentaryzacji
    • 2002-04-10
    • y
    • Status udostępniania
    • Tylko na miejscu
    • z
    • Sposób nabycia
    • dary zwarte
952 -Egzemplarz [ , ]
    • n
    • Powiązanie z serią
    • 84
    • c
    • Sygnatura
    • Cg.29208
    • r
    • Cena
    • 15.0
    • e
    • Akcesja
    • 02d123/10
    • f
    • Status książki wypożyczonej
    • Cg
    • i
    • Nr tomu wydaw.cg
    • Nr 46
    • a
    • Numer inwentarzowy
    • Cg.29751
    • w
    • Data inwentaryzacji
    • 2002-04-10
    • y
    • Status udostępniania
    • Tylko na miejscu
    • z
    • Sposób nabycia
    • dary zwarte
    • p
    • Kod kreskowy
    • 2003000297515
    • d
    • Lokalizacja
    • BG Dział Udostępniania Biblioteka Główna
    • g
    • Ubytek
    • 14/2018 - 2018-06-13
952 -Egzemplarz [ , ]
    • a
    • Numer inwentarzowy
    • Tc.1109
    • c
    • Sygnatura
    • Tc.613
    • e
    • Akcesja
    • 02d88/3
    • i
    • Nr tomu wydaw.cg
    • Nr 44 A (2001)
    • n
    • Powiązanie z serią
    • 265
    • p
    • Kod kreskowy
    • 2004200011093
    • r
    • Cena
    • 15.0
    • w
    • Data inwentaryzacji
    • 2002-04-10
    • y
    • Status udostępniania
    • Nocne
    • z
    • Sposób nabycia
    • dary zwarte
952 -Egzemplarz [ , ]
    • a
    • Numer inwentarzowy
    • CEc.92
    • c
    • Sygnatura
    • CEc.3
    • d
    • Lokalizacja
    • BG Dział Udostępniania Biblioteka Główna
    • e
    • Akcesja
    • 02d88/3
    • i
    • Nr tomu wydaw.cg
    • Nr 44 A (2001)
    • n
    • Powiązanie z serią
    • 77
    • p
    • Kod kreskowy
    • 2002900000928
    • r
    • Cena
    • 15.0
    • w
    • Data inwentaryzacji
    • 2002-01-23
    • y
    • Status udostępniania
    • Tylko na miejscu
    • z
    • Sposób nabycia
    • dary zwarte
952 -Egzemplarz [ , ]
    • a
    • Numer inwentarzowy
    • Fc.3974
    • c
    • Sygnatura
    • Fc.3078
    • d
    • Lokalizacja
    • BNS Biblioteka Humanistyczna i Nauk Społecznych
    • e
    • Akcesja
    • 02d88/3
    • i
    • Nr tomu wydaw.cg
    • Nr 44 A (2001)
    • n
    • Powiązanie z serią
    • 170
    • p
    • Kod kreskowy
    • 2003300039747
    • r
    • Cena
    • 15.0
    • w
    • Data inwentaryzacji
    • 2002-01-23
    • y
    • Status udostępniania
    • Tylko na miejscu
    • z
    • Sposób nabycia
    • dary zwarte
952 -Egzemplarz [ , ]
    • n
    • Powiązanie z serią
    • 104
    • c
    • Sygnatura
    • Cg.29208
    • r
    • Cena
    • 15.0
    • e
    • Akcesja
    • 02d88/3
    • f
    • Status książki wypożyczonej
    • Cg
    • i
    • Nr tomu wydaw.cg
    • Nr 44 A
    • a
    • Numer inwentarzowy
    • Cg.29432
    • w
    • Data inwentaryzacji
    • 2002-01-23
    • y
    • Status udostępniania
    • Tylko na miejscu
    • z
    • Sposób nabycia
    • dary zwarte
    • p
    • Kod kreskowy
    • 2003000294323
    • d
    • Lokalizacja
    • BG Dział Udostępniania Biblioteka Główna
    • g
    • Ubytek
    • 14/2018 - 2018-06-13
952 -Egzemplarz [ , ]
    • a
    • Numer inwentarzowy
    • Tc.1091
    • c
    • Sygnatura
    • Tc.613
    • e
    • Akcesja
    • 01d604/1
    • i
    • Nr tomu wydaw.cg
    • Nr 44 (2001)
    • n
    • Powiązanie z serią
    • 241
    • p
    • Kod kreskowy
    • 2004200010911
    • r
    • Cena
    • 15.0
    • w
    • Data inwentaryzacji
    • 2002-03-18
    • y
    • Status udostępniania
    • Nocne
    • z
    • Sposób nabycia
    • dary zwarte
952 -Egzemplarz [ , ]
    • a
    • Numer inwentarzowy
    • CEc.84
    • c
    • Sygnatura
    • CEc.3
    • d
    • Lokalizacja
    • BG Dział Udostępniania Biblioteka Główna
    • e
    • Akcesja
    • 01d604/1
    • i
    • Nr tomu wydaw.cg
    • Nr 44 (2001)
    • n
    • Powiązanie z serią
    • 45
    • p
    • Kod kreskowy
    • 2002900000843
    • r
    • Cena
    • 15.0
    • w
    • Data inwentaryzacji
    • 2001-11-20
    • y
    • Status udostępniania
    • Tylko na miejscu
    • z
    • Sposób nabycia
    • dary zwarte
952 -Egzemplarz [ , ]
    • a
    • Numer inwentarzowy
    • Fc.3953
    • c
    • Sygnatura
    • Fc.3078
    • d
    • Lokalizacja
    • BNS Biblioteka Humanistyczna i Nauk Społecznych
    • e
    • Akcesja
    • 01d604/1
    • i
    • Nr tomu wydaw.cg
    • Nr 44 (2001)
    • n
    • Powiązanie z serią
    • 156
    • p
    • Kod kreskowy
    • 2003300039532
    • r
    • Cena
    • 15.0
    • w
    • Data inwentaryzacji
    • 2001-11-20
    • y
    • Status udostępniania
    • Tylko na miejscu
    • z
    • Sposób nabycia
    • dary zwarte
952 -Egzemplarz [ , ]
    • a
    • Numer inwentarzowy
    • CEc.69
    • c
    • Sygnatura
    • CEc.3
    • d
    • Lokalizacja
    • BG Dział Udostępniania Biblioteka Główna
    • e
    • Akcesja
    • 01d363/4
    • i
    • Nr tomu wydaw.cg
    • Nr 37 (2000)
    • n
    • Powiązanie z serią
    • 36
    • p
    • Kod kreskowy
    • 2002900000690
    • r
    • Cena
    • 10.0
    • w
    • Data inwentaryzacji
    • 2001-06-05
    • y
    • Status udostępniania
    • Tylko na miejscu
    • z
    • Sposób nabycia
    • dary zwarte
952 -Egzemplarz [ , ]
    • a
    • Numer inwentarzowy
    • Fc.3930
    • c
    • Sygnatura
    • Fc.3078
    • d
    • Lokalizacja
    • BNS Biblioteka Humanistyczna i Nauk Społecznych
    • e
    • Akcesja
    • 01d363/4
    • i
    • Nr tomu wydaw.cg
    • Nr 37 (2000)
    • n
    • Powiązanie z serią
    • 149
    • p
    • Kod kreskowy
    • 2003300039303
    • r
    • Cena
    • 10.0
    • w
    • Data inwentaryzacji
    • 2001-06-22
    • y
    • Status udostępniania
    • Tylko na miejscu
    • z
    • Sposób nabycia
    • dary zwarte
952 -Egzemplarz [ , ]
    • a
    • Numer inwentarzowy
    • Tc.1103
    • c
    • Sygnatura
    • Tc.613
    • e
    • Akcesja
    • 01d363/2
    • i
    • Nr tomu wydaw.cg
    • Nr 36 (2001)
    • n
    • Powiązanie z serią
    • 233
    • p
    • Kod kreskowy
    • 2004200011031
    • r
    • Cena
    • 6.0
    • w
    • Data inwentaryzacji
    • 2002-04-10
    • y
    • Status udostępniania
    • Nocne
    • z
    • Sposób nabycia
    • dary zwarte
952 -Egzemplarz [ , ]
    • a
    • Numer inwentarzowy
    • CEc.68
    • c
    • Sygnatura
    • CEc.3
    • d
    • Lokalizacja
    • BG Dział Udostępniania Biblioteka Główna
    • e
    • Akcesja
    • 01d363/2
    • i
    • Nr tomu wydaw.cg
    • Nr 36 (2001)
    • n
    • Powiązanie z serią
    • 35
    • p
    • Kod kreskowy
    • 2002900000683
    • r
    • Cena
    • 6.0
    • w
    • Data inwentaryzacji
    • 2001-06-05
    • y
    • Status udostępniania
    • Tylko na miejscu
    • z
    • Sposób nabycia
    • dary zwarte
952 -Egzemplarz [ , ]
    • a
    • Numer inwentarzowy
    • Fc.3929
    • c
    • Sygnatura
    • Fc.3078
    • d
    • Lokalizacja
    • BNS Biblioteka Humanistyczna i Nauk Społecznych
    • e
    • Akcesja
    • 01d363/2
    • i
    • Nr tomu wydaw.cg
    • Nr 36 (2001)
    • n
    • Powiązanie z serią
    • 148
    • p
    • Kod kreskowy
    • 2003300039297
    • r
    • Cena
    • 6.0
    • w
    • Data inwentaryzacji
    • 2001-06-22
    • y
    • Status udostępniania
    • Tylko na miejscu
    • z
    • Sposób nabycia
    • dary zwarte
952 -Egzemplarz [ , ]
    • n
    • Powiązanie z serią
    • 81
    • c
    • Sygnatura
    • Cg.29208
    • r
    • Cena
    • 12.0
    • e
    • Akcesja
    • 01d193/2
    • f
    • Status książki wypożyczonej
    • Cg
    • i
    • Nr tomu wydaw.cg
    • Nr 39
    • a
    • Numer inwentarzowy
    • Cg.29211
    • w
    • Data inwentaryzacji
    • 2001-04-25
    • y
    • Status udostępniania
    • Tylko na miejscu
    • z
    • Sposób nabycia
    • dary zwarte
    • p
    • Kod kreskowy
    • 2003000292114
    • d
    • Lokalizacja
    • BG Dział Udostępniania Biblioteka Główna
    • g
    • Ubytek
    • 14/2018 - 2018-06-13
952 -Egzemplarz [ , ]
    • a
    • Numer inwentarzowy
    • CEc.58
    • c
    • Sygnatura
    • CEc.3
    • d
    • Lokalizacja
    • BG Dział Udostępniania Biblioteka Główna
    • e
    • Akcesja
    • 01d193/2
    • i
    • Nr tomu wydaw.cg
    • Nr 35 (2000)
    • n
    • Powiązanie z serią
    • 33
    • p
    • Kod kreskowy
    • 2002900000584
    • r
    • Cena
    • 0.0
    • w
    • Data inwentaryzacji
    • 2001-04-25
    • y
    • Status udostępniania
    • Tylko na miejscu
    • z
    • Sposób nabycia
    • dary zwarte
952 -Egzemplarz [ , ]
    • a
    • Numer inwentarzowy
    • Fc.3903
    • c
    • Sygnatura
    • Fc.3078
    • d
    • Lokalizacja
    • BNS Biblioteka Humanistyczna i Nauk Społecznych
    • e
    • Akcesja
    • 01d193/2
    • i
    • Nr tomu wydaw.cg
    • Nr 35 (2000)
    • n
    • Powiązanie z serią
    • 146
    • p
    • Kod kreskowy
    • 2003300039037
    • r
    • Cena
    • 0.0
    • w
    • Data inwentaryzacji
    • 2001-04-25
    • y
    • Status udostępniania
    • Tylko na miejscu
    • z
    • Sposób nabycia
    • dary zwarte
952 -Egzemplarz [ , ]
    • n
    • Powiązanie z serią
    • 79
    • c
    • Sygnatura
    • Cg.29208
    • r
    • Cena
    • 0.0
    • e
    • Akcesja
    • 01d193/2
    • f
    • Status książki wypożyczonej
    • Cg
    • i
    • Nr tomu wydaw.cg
    • Nr 35
    • a
    • Numer inwentarzowy
    • Cg.29209
    • w
    • Data inwentaryzacji
    • 2001-04-25
    • y
    • Status udostępniania
    • Tylko na miejscu
    • z
    • Sposób nabycia
    • dary zwarte
    • p
    • Kod kreskowy
    • 2003000292091
    • d
    • Lokalizacja
    • BG Dział Udostępniania Biblioteka Główna
    • g
    • Ubytek
    • 14/2018 - 2018-06-13
952 -Egzemplarz [ , ]
    • a
    • Numer inwentarzowy
    • CEc.56
    • c
    • Sygnatura
    • CEc.3
    • d
    • Lokalizacja
    • BG Dział Udostępniania Biblioteka Główna
    • e
    • Akcesja
    • 01d81/1
    • i
    • Nr tomu wydaw.cg
    • Nr 34 (2000)
    • n
    • Powiązanie z serią
    • 31
    • p
    • Kod kreskowy
    • 2002900000560
    • r
    • Cena
    • 13.0
    • w
    • Data inwentaryzacji
    • 2001-04-25
    • y
    • Status udostępniania
    • Tylko na miejscu
    • z
    • Sposób nabycia
    • dary zwarte
952 -Egzemplarz [ , ]
    • a
    • Numer inwentarzowy
    • CEc.124
    • c
    • Sygnatura
    • CEc.3
    • d
    • Lokalizacja
    • BG Dział Udostępniania Biblioteka Główna
    • e
    • Akcesja
    • 01d81/1
    • i
    • Nr tomu wydaw.cg
    • Nr 34 (2000)
    • n
    • Powiązanie z serią
    • 32
    • p
    • Kod kreskowy
    • 2002900001246
    • r
    • Cena
    • 13.0
    • w
    • Data inwentaryzacji
    • 2003-08-28
    • y
    • Status udostępniania
    • Tylko na miejscu
    • z
    • Sposób nabycia
    • dary zwarte
952 -Egzemplarz [ , ]
    • a
    • Numer inwentarzowy
    • Fc.3891
    • c
    • Sygnatura
    • Fc.3078
    • d
    • Lokalizacja
    • BNS Biblioteka Humanistyczna i Nauk Społecznych
    • e
    • Akcesja
    • 01d81/1
    • i
    • Nr tomu wydaw.cg
    • Nr 34 (2000)
    • n
    • Powiązanie z serią
    • 143
    • p
    • Kod kreskowy
    • 2003300038917
    • r
    • Cena
    • 13.0
    • w
    • Data inwentaryzacji
    • 2001-04-25
    • y
    • Status udostępniania
    • Tylko na miejscu
    • z
    • Sposób nabycia
    • dary zwarte
952 -Egzemplarz [ , ]
    • n
    • Powiązanie z serią
    • 144
    • c
    • Sygnatura
    • Fc.3078
    • r
    • Cena
    • 13.0
    • e
    • Akcesja
    • 01d81/1
    • f
    • Status książki wypożyczonej
    • Fc
    • i
    • Nr tomu wydaw.cg
    • Nr 34
    • a
    • Numer inwentarzowy
    • Fc.3899
    • w
    • Data inwentaryzacji
    • 2001-04-25
    • y
    • Status udostępniania
    • Niedostępne
    • z
    • Sposób nabycia
    • dary zwarte
    • p
    • Kod kreskowy
    • 2003300038993
    • d
    • Lokalizacja
    • BNS Biblioteka Humanistyczna i Nauk Społecznych
    • g
    • Ubytek
    • 3/2013 - 2013-04-25
952 -Egzemplarz [ , ]
    • a
    • Numer inwentarzowy
    • Tc.914
    • c
    • Sygnatura
    • Tc.914
    • e
    • Akcesja
    • 00d290/1
    • i
    • Nr tomu wydaw.cg
    • Wydanie Specjalne (1999)
    • n
    • Powiązanie z serią
    • 17
    • p
    • Kod kreskowy
    • 2004200009144
    • r
    • Cena
    • 6.0
    • w
    • Data inwentaryzacji
    • 2001-06-21
    • y
    • Status udostępniania
    • Nocne
    • z
    • Sposób nabycia
    • dary zwarte
952 -Egzemplarz [ , ]
    • a
    • Numer inwentarzowy
    • CEc.34
    • c
    • Sygnatura
    • CEc.20
    • d
    • Lokalizacja
    • BG Dział Udostępniania Biblioteka Główna
    • e
    • Akcesja
    • 00d290/1
    • i
    • Nr tomu wydaw.cg
    • Wydanie Specjalne (1999)
    • n
    • Powiązanie z serią
    • 6
    • p
    • Kod kreskowy
    • 2002900000348
    • r
    • Cena
    • 6.0
    • w
    • Data inwentaryzacji
    • 2000-09-13
    • y
    • Status udostępniania
    • Tylko na miejscu
    • z
    • Sposób nabycia
    • dary zwarte
952 -Egzemplarz [ , ]
    • a
    • Numer inwentarzowy
    • CEc.23
    • c
    • Sygnatura
    • CEc.20
    • d
    • Lokalizacja
    • BG Dział Udostępniania Biblioteka Główna
    • e
    • Akcesja
    • 99d67/1
    • i
    • Nr tomu wydaw.cg
    • Wydanie Specjalne (1998)
    • n
    • Powiązanie z serią
    • 5
    • p
    • Kod kreskowy
    • 2002900000232
    • r
    • Cena
    • 20.0
    • w
    • Data inwentaryzacji
    • 1998-11-24
    • y
    • Status udostępniania
    • Tylko na miejscu
    • z
    • Sposób nabycia
    • dary zwarte
952 -Egzemplarz [ , ]
    • a
    • Numer inwentarzowy
    • CEc.21
    • c
    • Sygnatura
    • CEc.20
    • d
    • Lokalizacja
    • BG Dział Udostępniania Biblioteka Główna
    • e
    • Akcesja
    • 98d216/3
    • i
    • Nr tomu wydaw.cg
    • Wydanie Specjalne (1997)
    • n
    • Powiązanie z serią
    • 2
    • p
    • Kod kreskowy
    • 2002900000218
    • r
    • Cena
    • 8.0
    • w
    • Data inwentaryzacji
    • 1998-11-24
    • y
    • Status udostępniania
    • Tylko na miejscu
    • z
    • Sposób nabycia
    • dary zwarte
952 -Egzemplarz [ , ]
    • a
    • Numer inwentarzowy
    • Fc.3482
    • c
    • Sygnatura
    • Fc.3078
    • d
    • Lokalizacja
    • BNS Biblioteka Humanistyczna i Nauk Społecznych
    • e
    • Akcesja
    • 98d216/3
    • i
    • Nr tomu wydaw.cg
    • Wydanie Specjalne (1997)
    • n
    • Powiązanie z serią
    • 13
    • p
    • Kod kreskowy
    • 2003300034827
    • r
    • Cena
    • 8.0
    • w
    • Data inwentaryzacji
    • 1998-11-24
    • y
    • Status udostępniania
    • Tylko na miejscu
    • z
    • Sposób nabycia
    • dary zwarte
952 -Egzemplarz [ , ]
    • a
    • Numer inwentarzowy
    • CEc.25
    • c
    • Sygnatura
    • CEc.20
    • d
    • Lokalizacja
    • BG Dział Udostępniania Biblioteka Główna
    • e
    • Akcesja
    • 98d216/2
    • i
    • Nr tomu wydaw.cg
    • Wydanie Specjalne (1998)
    • n
    • Powiązanie z serią
    • 3
    • p
    • Kod kreskowy
    • 2002900000256
    • r
    • Cena
    • 8.0
    • w
    • Data inwentaryzacji
    • 1999-06-16
    • y
    • Status udostępniania
    • Tylko na miejscu
    • z
    • Sposób nabycia
    • dary zwarte
952 -Egzemplarz [ , ]
    • a
    • Numer inwentarzowy
    • Fc.3483
    • c
    • Sygnatura
    • Fc.3078
    • d
    • Lokalizacja
    • BNS Biblioteka Humanistyczna i Nauk Społecznych
    • e
    • Akcesja
    • 98d216/2
    • i
    • Nr tomu wydaw.cg
    • Wydanie Specjalne (1998)
    • n
    • Powiązanie z serią
    • 14
    • p
    • Kod kreskowy
    • 2003300034834
    • r
    • Cena
    • 8.0
    • w
    • Data inwentaryzacji
    • 1998-11-24
    • y
    • Status udostępniania
    • Tylko na miejscu
    • z
    • Sposób nabycia
    • dary zwarte
952 -Egzemplarz [ , ]
    • a
    • Numer inwentarzowy
    • CEc.20
    • c
    • Sygnatura
    • CEc.20
    • d
    • Lokalizacja
    • BG Dział Udostępniania Biblioteka Główna
    • e
    • Akcesja
    • 97d182/16
    • i
    • Nr tomu wydaw.cg
    • Wydanie Specjalne (1997)
    • n
    • Powiązanie z serią
    • 1
    • p
    • Kod kreskowy
    • 2002900000201
    • r
    • Cena
    • 5.0
    • w
    • Data inwentaryzacji
    • 1998-11-24
    • y
    • Status udostępniania
    • Tylko na miejscu
    • z
    • Sposób nabycia
    • dary zwarte
952 -Egzemplarz [ , ]
    • a
    • Numer inwentarzowy
    • Fc.3267
    • c
    • Sygnatura
    • Fc.3078
    • d
    • Lokalizacja
    • BNS Biblioteka Humanistyczna i Nauk Społecznych
    • e
    • Akcesja
    • 97d182/16
    • i
    • Nr tomu wydaw.cg
    • Wydanie Specjalne (1997)
    • n
    • Powiązanie z serią
    • 8
    • p
    • Kod kreskowy
    • 2003300032670
    • r
    • Cena
    • 5.0
    • w
    • Data inwentaryzacji
    • 1998-02-13
    • y
    • Status udostępniania
    • Tylko na miejscu
    • z
    • Sposób nabycia
    • dary zwarte
952 -Egzemplarz [ , ]
    • n
    • Powiązanie z serią
    • 15
    • c
    • Sygnatura
    • S.84835
    • r
    • Cena
    • 5.0
    • e
    • Akcesja
    • 97d182/16
    • f
    • Status książki wypożyczonej
    • S
    • i
    • Nr tomu wydaw.cg
    • [Nr 1]
    • a
    • Numer inwentarzowy
    • S.84835
    • w
    • Data inwentaryzacji
    • 2000-01-13
    • y
    • Status udostępniania
    • Zaginiona
    • z
    • Sposób nabycia
    • dary zwarte
    • p
    • Kod kreskowy
    • 2001100848354
    • d
    • Lokalizacja
    • BE Biblioteka Ekonomiczna
    • g
    • Ubytek
    • 96/2020 - 2020-01-13
952 -Egzemplarz [ , ]
    • n
    • Powiązanie z serią
    • 7
    • c
    • Sygnatura
    • Fc.3078
    • r
    • Cena
    • 5.0
    • e
    • Akcesja
    • 97d182/16
    • f
    • Status książki wypożyczonej
    • Fc
    • i
    • Nr tomu wydaw.cg
    • [Nr 1]
    • a
    • Numer inwentarzowy
    • Fc.3249
    • w
    • Data inwentaryzacji
    • 1998-02-13
    • y
    • Status udostępniania
    • Niedostępne
    • z
    • Sposób nabycia
    • dary zwarte
    • p
    • Kod kreskowy
    • 2003300032496
    • d
    • Lokalizacja
    • BNS Biblioteka Humanistyczna i Nauk Społecznych
    • g
    • Ubytek
    • 3/2013 - 2013-04-25
952 -Egzemplarz [ , ]
    • a
    • Numer inwentarzowy
    • Fc.3253
    • c
    • Sygnatura
    • Fc.3078
    • d
    • Lokalizacja
    • BNS Biblioteka Humanistyczna i Nauk Społecznych
    • i
    • Nr tomu wydaw.cg
    • Wydanie Specjalne (1997)
    • n
    • Powiązanie z serią
    • 12
    • p
    • Kod kreskowy
    • 2003300032533
    • r
    • Cena
    • 5.0
    • w
    • Data inwentaryzacji
    • 1998-02-13
    • y
    • Status udostępniania
    • Tylko na miejscu
952 -Egzemplarz [ , ]
    • a
    • Numer inwentarzowy
    • Fc.3252
    • c
    • Sygnatura
    • Fc.3078
    • d
    • Lokalizacja
    • BNS Biblioteka Humanistyczna i Nauk Społecznych
    • i
    • Nr tomu wydaw.cg
    • Wydanie Specjalne (1997)
    • n
    • Powiązanie z serią
    • 11
    • p
    • Kod kreskowy
    • 2003300032526
    • r
    • Cena
    • 5.0
    • w
    • Data inwentaryzacji
    • 1998-02-13
    • y
    • Status udostępniania
    • Tylko na miejscu
952 -Egzemplarz [ , ]
    • a
    • Numer inwentarzowy
    • Fc.3250
    • c
    • Sygnatura
    • Fc.3078
    • d
    • Lokalizacja
    • BNS Biblioteka Humanistyczna i Nauk Społecznych
    • i
    • Nr tomu wydaw.cg
    • Wydanie Specjalne (1997)
    • n
    • Powiązanie z serią
    • 9
    • p
    • Kod kreskowy
    • 2003300032502
    • r
    • Cena
    • 5.0
    • w
    • Data inwentaryzacji
    • 1998-02-13
    • y
    • Status udostępniania
    • Tylko na miejscu
952 -Egzemplarz [ , ]
    • a
    • Numer inwentarzowy
    • Ec.47921
    • c
    • Sygnatura
    • Ec.47921
    • d
    • Lokalizacja
    • BE Biblioteka Ekonomiczna
    • i
    • Nr tomu wydaw.cg
    • Nr 1(1995).
    • p
    • Kod kreskowy
    • 2003200479216
    • r
    • Cena
    • 0.00
    • y
    • Status udostępniania
    • Tylko na miejscu
952 -Egzemplarz [ , ]
    • a
    • Numer inwentarzowy
    • Ec.47922
    • c
    • Sygnatura
    • Ec.47921
    • d
    • Lokalizacja
    • BE Biblioteka Ekonomiczna
    • i
    • Nr tomu wydaw.cg
    • Nr 2(1995).
    • p
    • Kod kreskowy
    • 2003200479223
    • r
    • Cena
    • 0.00
    • y
    • Status udostępniania
    • Tylko na miejscu
952 -Egzemplarz [ , ]
    • a
    • Numer inwentarzowy
    • Ec.47926
    • c
    • Sygnatura
    • Ec.47921
    • d
    • Lokalizacja
    • BE Biblioteka Ekonomiczna
    • i
    • Nr tomu wydaw.cg
    • Nr 6(1996).
    • p
    • Kod kreskowy
    • 2003200479261
    • r
    • Cena
    • 0.00
    • y
    • Status udostępniania
    • Tylko na miejscu
952 -Egzemplarz [ , ]
    • a
    • Numer inwentarzowy
    • Ec.47923
    • c
    • Sygnatura
    • Ec.47921
    • d
    • Lokalizacja
    • BE Biblioteka Ekonomiczna
    • i
    • Nr tomu wydaw.cg
    • Nr 3(1995).
    • p
    • Kod kreskowy
    • 2003200479230
    • r
    • Cena
    • 0.00
    • y
    • Status udostępniania
    • Tylko na miejscu
952 -Egzemplarz [ , ]
    • a
    • Numer inwentarzowy
    • Ec.47924
    • c
    • Sygnatura
    • Ec.47921
    • d
    • Lokalizacja
    • BE Biblioteka Ekonomiczna
    • i
    • Nr tomu wydaw.cg
    • Nr 4(1995).
    • p
    • Kod kreskowy
    • 2003200479247
    • r
    • Cena
    • 0.00
    • y
    • Status udostępniania
    • Tylko na miejscu
952 -Egzemplarz [ , ]
    • a
    • Numer inwentarzowy
    • Ec.47925
    • c
    • Sygnatura
    • Ec.47921
    • d
    • Lokalizacja
    • BE Biblioteka Ekonomiczna
    • i
    • Nr tomu wydaw.cg
    • Nr 5(1995).
    • p
    • Kod kreskowy
    • 2003200479254
    • r
    • Cena
    • 0.00
    • y
    • Status udostępniania
    • Tylko na miejscu
952 -Egzemplarz [ , ]
    • a
    • Numer inwentarzowy
    • Ec.47927
    • c
    • Sygnatura
    • Ec.47921
    • d
    • Lokalizacja
    • BE Biblioteka Ekonomiczna
    • i
    • Nr tomu wydaw.cg
    • Nr 7(1996).
    • p
    • Kod kreskowy
    • 2003200479278
    • r
    • Cena
    • 0.00
    • y
    • Status udostępniania
    • Tylko na miejscu
952 -Egzemplarz [ , ]
    • a
    • Numer inwentarzowy
    • Ec.47928
    • c
    • Sygnatura
    • Ec.47921
    • d
    • Lokalizacja
    • BE Biblioteka Ekonomiczna
    • i
    • Nr tomu wydaw.cg
    • Nr 8(1996).
    • p
    • Kod kreskowy
    • 2003200479285
    • r
    • Cena
    • 0.00
    • y
    • Status udostępniania
    • Tylko na miejscu
952 -Egzemplarz [ , ]
    • a
    • Numer inwentarzowy
    • Ec.47929
    • c
    • Sygnatura
    • Ec.47921
    • d
    • Lokalizacja
    • BE Biblioteka Ekonomiczna
    • i
    • Nr tomu wydaw.cg
    • Nr 9(1996).
    • p
    • Kod kreskowy
    • 2003200479292
    • r
    • Cena
    • 0.00
    • y
    • Status udostępniania
    • Tylko na miejscu
952 -Egzemplarz [ , ]
    • a
    • Numer inwentarzowy
    • Ec.47930
    • c
    • Sygnatura
    • Ec.47921
    • d
    • Lokalizacja
    • BE Biblioteka Ekonomiczna
    • i
    • Nr tomu wydaw.cg
    • Nr 10 (1997).
    • p
    • Kod kreskowy
    • 2003200479308
    • r
    • Cena
    • 0.00
    • y
    • Status udostępniania
    • Tylko na miejscu
952 -Egzemplarz [ , ]
    • a
    • Numer inwentarzowy
    • Ec.47957
    • c
    • Sygnatura
    • Ec.47921
    • d
    • Lokalizacja
    • BE Biblioteka Ekonomiczna
    • i
    • Nr tomu wydaw.cg
    • Nr 11(1997).
    • p
    • Kod kreskowy
    • 2003200479575
    • r
    • Cena
    • 0.00
    • y
    • Status udostępniania
    • Tylko na miejscu
952 -Egzemplarz [ , ]
    • a
    • Numer inwentarzowy
    • Ec.47958
    • c
    • Sygnatura
    • Ec.47921
    • d
    • Lokalizacja
    • BE Biblioteka Ekonomiczna
    • i
    • Nr tomu wydaw.cg
    • Nr 12(1997).
    • p
    • Kod kreskowy
    • 2003200479582
    • r
    • Cena
    • 0.00
    • y
    • Status udostępniania
    • Tylko na miejscu
952 -Egzemplarz [ , ]
    • a
    • Numer inwentarzowy
    • Ec.47959
    • c
    • Sygnatura
    • Ec.47921
    • d
    • Lokalizacja
    • BE Biblioteka Ekonomiczna
    • i
    • Nr tomu wydaw.cg
    • Nr 13(1997).
    • p
    • Kod kreskowy
    • 2003200479599
    • r
    • Cena
    • 0.00
    • y
    • Status udostępniania
    • Tylko na miejscu
952 -Egzemplarz [ , ]
    • a
    • Numer inwentarzowy
    • Ec.47960
    • c
    • Sygnatura
    • Ec.47921
    • d
    • Lokalizacja
    • BE Biblioteka Ekonomiczna
    • i
    • Nr tomu wydaw.cg
    • Nr 14(1997).
    • p
    • Kod kreskowy
    • 2003200479605
    • r
    • Cena
    • 0.00
    • y
    • Status udostępniania
    • Tylko na miejscu
952 -Egzemplarz [ , ]
    • a
    • Numer inwentarzowy
    • Ec.47934
    • c
    • Sygnatura
    • Ec.47921
    • d
    • Lokalizacja
    • BE Biblioteka Ekonomiczna
    • i
    • Nr tomu wydaw.cg
    • Nr 21(1998).
    • p
    • Kod kreskowy
    • 2003200479346
    • r
    • Cena
    • 0.00
    • y
    • Status udostępniania
    • Tylko na miejscu
952 -Egzemplarz [ , ]
    • a
    • Numer inwentarzowy
    • Ec.47962
    • c
    • Sygnatura
    • Ec.47921
    • d
    • Lokalizacja
    • BE Biblioteka Ekonomiczna
    • i
    • Nr tomu wydaw.cg
    • Nr 16(1998).
    • p
    • Kod kreskowy
    • 2003200479629
    • r
    • Cena
    • 0.00
    • y
    • Status udostępniania
    • Tylko na miejscu
952 -Egzemplarz [ , ]
    • a
    • Numer inwentarzowy
    • Ec.47963
    • c
    • Sygnatura
    • Ec.47921
    • d
    • Lokalizacja
    • BE Biblioteka Ekonomiczna
    • i
    • Nr tomu wydaw.cg
    • Nr 17(1998).
    • p
    • Kod kreskowy
    • 2003200479636
    • r
    • Cena
    • 0.00
    • y
    • Status udostępniania
    • Tylko na miejscu
952 -Egzemplarz [ , ]
    • a
    • Numer inwentarzowy
    • Ec.47931
    • c
    • Sygnatura
    • Ec.47921
    • d
    • Lokalizacja
    • BE Biblioteka Ekonomiczna
    • i
    • Nr tomu wydaw.cg
    • Nr 18(1998).
    • p
    • Kod kreskowy
    • 2003200479315
    • r
    • Cena
    • 0.00
    • y
    • Status udostępniania
    • Tylko na miejscu
952 -Egzemplarz [ , ]
    • a
    • Numer inwentarzowy
    • Ec.47961
    • c
    • Sygnatura
    • Ec.47921
    • d
    • Lokalizacja
    • BE Biblioteka Ekonomiczna
    • i
    • Nr tomu wydaw.cg
    • Nr 15(1998).
    • p
    • Kod kreskowy
    • 2003200479612
    • r
    • Cena
    • 0.00
    • y
    • Status udostępniania
    • Tylko na miejscu
952 -Egzemplarz [ , ]
    • a
    • Numer inwentarzowy
    • Ec.47933
    • c
    • Sygnatura
    • Ec.47921
    • d
    • Lokalizacja
    • BE Biblioteka Ekonomiczna
    • i
    • Nr tomu wydaw.cg
    • Nr 20(1998).
    • p
    • Kod kreskowy
    • 2003200479339
    • r
    • Cena
    • 0.00
    • y
    • Status udostępniania
    • Tylko na miejscu
952 -Egzemplarz [ , ]
    • a
    • Numer inwentarzowy
    • Ec.47932
    • c
    • Sygnatura
    • Ec.47921
    • d
    • Lokalizacja
    • BE Biblioteka Ekonomiczna
    • i
    • Nr tomu wydaw.cg
    • Nr 19(1998).
    • p
    • Kod kreskowy
    • 2003200479322
    • r
    • Cena
    • 0.00
    • y
    • Status udostępniania
    • Tylko na miejscu
952 -Egzemplarz [ , ]
    • a
    • Numer inwentarzowy
    • Ec.48700
    • c
    • Sygnatura
    • Ec.47921
    • d
    • Lokalizacja
    • BE Biblioteka Ekonomiczna
    • i
    • Nr tomu wydaw.cg
    • Nr 22(1999).
    • p
    • Kod kreskowy
    • 2003200487006
    • r
    • Cena
    • 0.00
    • y
    • Status udostępniania
    • Tylko na miejscu
952 -Egzemplarz [ , ]
    • a
    • Numer inwentarzowy
    • Ec.48701
    • c
    • Sygnatura
    • Ec.47921
    • d
    • Lokalizacja
    • BE Biblioteka Ekonomiczna
    • i
    • Nr tomu wydaw.cg
    • Nr 23(1999).
    • p
    • Kod kreskowy
    • 2003200487013
    • r
    • Cena
    • 0.00
    • y
    • Status udostępniania
    • Tylko na miejscu
952 -Egzemplarz [ , ]
    • a
    • Numer inwentarzowy
    • Ec.48157
    • c
    • Sygnatura
    • Ec.47921
    • d
    • Lokalizacja
    • BE Biblioteka Ekonomiczna
    • i
    • Nr tomu wydaw.cg
    • Nr 25(1999).
    • p
    • Kod kreskowy
    • 2003200481578
    • r
    • Cena
    • 0.00
    • y
    • Status udostępniania
    • Tylko na miejscu
952 -Egzemplarz [ , ]
    • a
    • Numer inwentarzowy
    • Ec.48348
    • c
    • Sygnatura
    • Ec.47921
    • d
    • Lokalizacja
    • BE Biblioteka Ekonomiczna
    • i
    • Nr tomu wydaw.cg
    • Nr 26(1999).
    • p
    • Kod kreskowy
    • 2003200483480
    • r
    • Cena
    • 0.00
    • y
    • Status udostępniania
    • Tylko na miejscu
952 -Egzemplarz [ , ]
    • a
    • Numer inwentarzowy
    • Ec.48632
    • c
    • Sygnatura
    • Ec.47921
    • d
    • Lokalizacja
    • BE Biblioteka Ekonomiczna
    • i
    • Nr tomu wydaw.cg
    • Nr 28(2000).
    • p
    • Kod kreskowy
    • 2003200486320
    • r
    • Cena
    • 0.00
    • y
    • Status udostępniania
    • Tylko na miejscu
952 -Egzemplarz [ , ]
    • a
    • Numer inwentarzowy
    • Ec.48696
    • c
    • Sygnatura
    • Ec.47921
    • d
    • Lokalizacja
    • BE Biblioteka Ekonomiczna
    • i
    • Nr tomu wydaw.cg
    • Nr 29(2000).
    • p
    • Kod kreskowy
    • 2003200486962
    • r
    • Cena
    • 0.00
    • y
    • Status udostępniania
    • Tylko na miejscu
952 -Egzemplarz [ , ]
    • a
    • Numer inwentarzowy
    • Ec.48779
    • c
    • Sygnatura
    • Ec.47921
    • d
    • Lokalizacja
    • BE Biblioteka Ekonomiczna
    • i
    • Nr tomu wydaw.cg
    • Nr 31(2000).
    • p
    • Kod kreskowy
    • 2003200487792
    • r
    • Cena
    • 0.00
    • y
    • Status udostępniania
    • Tylko na miejscu
952 -Egzemplarz [ , ]
    • a
    • Numer inwentarzowy
    • Ec.49073
    • c
    • Sygnatura
    • Ec.47921
    • d
    • Lokalizacja
    • BE Biblioteka Ekonomiczna
    • i
    • Nr tomu wydaw.cg
    • Nr 33(2000).
    • p
    • Kod kreskowy
    • 2003200490730
    • r
    • Cena
    • 0.00
    • y
    • Status udostępniania
    • Tylko na miejscu
952 -Egzemplarz [ , ]
    • a
    • Numer inwentarzowy
    • Ec.49075
    • c
    • Sygnatura
    • Ec.47921
    • d
    • Lokalizacja
    • BE Biblioteka Ekonomiczna
    • i
    • Nr tomu wydaw.cg
    • Nr 35(2000). 2
    • p
    • Kod kreskowy
    • 2003200490754
    • r
    • Cena
    • 0.00
    • y
    • Status udostępniania
    • Tylko na miejscu
952 -Egzemplarz [ , ]
    • a
    • Numer inwentarzowy
    • Ec.49217
    • c
    • Sygnatura
    • Ec.47921
    • d
    • Lokalizacja
    • BE Biblioteka Ekonomiczna
    • i
    • Nr tomu wydaw.cg
    • Nr 32(2000).
    • p
    • Kod kreskowy
    • 2003200492178
    • r
    • Cena
    • 0.00
    • y
    • Status udostępniania
    • Tylko na miejscu
952 -Egzemplarz [ , ]
    • a
    • Numer inwentarzowy
    • Ec.49076
    • c
    • Sygnatura
    • Ec.47921
    • d
    • Lokalizacja
    • BE Biblioteka Ekonomiczna
    • i
    • Nr tomu wydaw.cg
    • Nr 39(2001)
    • p
    • Kod kreskowy
    • 2003200490761
    • r
    • Cena
    • 0.00
    • v
    • Data wprowadzenia opisu
    • 2025-04-07
    • y
    • Status udostępniania
    • Tylko na miejscu
952 -Egzemplarz [ , ]
    • a
    • Numer inwentarzowy
    • Ec.49220
    • c
    • Sygnatura
    • Ec.47921
    • d
    • Lokalizacja
    • BE Biblioteka Ekonomiczna
    • i
    • Nr tomu wydaw.cg
    • Nr 38(2001).
    • p
    • Kod kreskowy
    • 2003200492208
    • r
    • Cena
    • 0.00
    • y
    • Status udostępniania
    • Tylko na miejscu
952 -Egzemplarz [ , ]
    • a
    • Numer inwentarzowy
    • Ec.49258
    • c
    • Sygnatura
    • Ec.47921
    • d
    • Lokalizacja
    • BE Biblioteka Ekonomiczna
    • i
    • Nr tomu wydaw.cg
    • Nr 40(2001).
    • p
    • Kod kreskowy
    • 2003200492581
    • r
    • Cena
    • 0.00
    • y
    • Status udostępniania
    • Tylko na miejscu
952 -Egzemplarz [ , ]
    • a
    • Numer inwentarzowy
    • Ec.49295
    • c
    • Sygnatura
    • Ec.47921
    • d
    • Lokalizacja
    • BE Biblioteka Ekonomiczna
    • i
    • Nr tomu wydaw.cg
    • Nr 41(2001).
    • p
    • Kod kreskowy
    • 2003200492956
    • r
    • Cena
    • 0.00
    • y
    • Status udostępniania
    • Tylko na miejscu
952 -Egzemplarz [ , ]
    • a
    • Numer inwentarzowy
    • Ec.49319
    • c
    • Sygnatura
    • Ec.47921
    • d
    • Lokalizacja
    • BE Biblioteka Ekonomiczna
    • i
    • Nr tomu wydaw.cg
    • Nr 42(2001).
    • p
    • Kod kreskowy
    • 2003200493199
    • r
    • Cena
    • 0.00
    • y
    • Status udostępniania
    • Tylko na miejscu
952 -Egzemplarz [ , ]
    • a
    • Numer inwentarzowy
    • Ec.49373
    • c
    • Sygnatura
    • Ec.47921
    • d
    • Lokalizacja
    • BE Biblioteka Ekonomiczna
    • i
    • Nr tomu wydaw.cg
    • Nr 43(2001).
    • p
    • Kod kreskowy
    • 2003200493731
    • r
    • Cena
    • 0.00
    • y
    • Status udostępniania
    • Tylko na miejscu
952 -Egzemplarz [ , ]
    • a
    • Numer inwentarzowy
    • Ec.49615
    • c
    • Sygnatura
    • Ec.47921
    • d
    • Lokalizacja
    • BE Biblioteka Ekonomiczna
    • i
    • Nr tomu wydaw.cg
    • Nr 47(2001).
    • p
    • Kod kreskowy
    • 2003200496152
    • r
    • Cena
    • 0.00
    • y
    • Status udostępniania
    • Tylko na miejscu
952 -Egzemplarz [ , ]
    • a
    • Numer inwentarzowy
    • Ec.49528
    • c
    • Sygnatura
    • Ec.47921
    • d
    • Lokalizacja
    • BE Biblioteka Ekonomiczna
    • i
    • Nr tomu wydaw.cg
    • Nr 45(2001).
    • p
    • Kod kreskowy
    • 2003200495285
    • r
    • Cena
    • 0.00
    • y
    • Status udostępniania
    • Tylko na miejscu
952 -Egzemplarz [ , ]
    • a
    • Numer inwentarzowy
    • Ec.49527
    • c
    • Sygnatura
    • Ec.47921
    • d
    • Lokalizacja
    • BE Biblioteka Ekonomiczna
    • i
    • Nr tomu wydaw.cg
    • Nr 44A (2001) wyd. specjalne
    • p
    • Kod kreskowy
    • 2003200495278
    • r
    • Cena
    • 0.00
    • v
    • Data wprowadzenia opisu
    • 2025-04-07
    • y
    • Status udostępniania
    • Tylko na miejscu
952 -Egzemplarz [ , ]
    • a
    • Numer inwentarzowy
    • Ec.44332
    • c
    • Sygnatura
    • Ec.47921
    • d
    • Lokalizacja
    • BE Biblioteka Ekonomiczna
    • i
    • Nr tomu wydaw.cg
    • Nr 44(2000) wyd. specjalne
    • p
    • Kod kreskowy
    • 2003200443323
    • r
    • Cena
    • 0.00
    • v
    • Data wprowadzenia opisu
    • 2025-04-07
    • y
    • Status udostępniania
    • Tylko na miejscu
952 -Egzemplarz [ , ]
    • a
    • Numer inwentarzowy
    • Ec.49689
    • c
    • Sygnatura
    • Ec.47921
    • d
    • Lokalizacja
    • BE Biblioteka Ekonomiczna
    • i
    • Nr tomu wydaw.cg
    • Nr 48(2002) wyd.specjalne
    • p
    • Kod kreskowy
    • 2003200496893
    • r
    • Cena
    • 0.00
    • v
    • Data wprowadzenia opisu
    • 2025-04-07
    • y
    • Status udostępniania
    • Tylko na miejscu
952 -Egzemplarz [ , ]
    • a
    • Numer inwentarzowy
    • Ec.49762
    • c
    • Sygnatura
    • Ec.47921
    • d
    • Lokalizacja
    • BE Biblioteka Ekonomiczna
    • i
    • Nr tomu wydaw.cg
    • Nr 49(2002).
    • p
    • Kod kreskowy
    • 2003200497623
    • r
    • Cena
    • 0.00
    • y
    • Status udostępniania
    • Tylko na miejscu
952 -Egzemplarz [ , ]
    • a
    • Numer inwentarzowy
    • Ec.49800
    • c
    • Sygnatura
    • Ec.47921
    • d
    • Lokalizacja
    • BE Biblioteka Ekonomiczna
    • i
    • Nr tomu wydaw.cg
    • Nr 50(2002).
    • p
    • Kod kreskowy
    • 2003200498002
    • r
    • Cena
    • 0.00
    • y
    • Status udostępniania
    • Tylko na miejscu
952 -Egzemplarz [ , ]
    • a
    • Numer inwentarzowy
    • Ec.49874
    • c
    • Sygnatura
    • Ec.47921
    • d
    • Lokalizacja
    • BE Biblioteka Ekonomiczna
    • i
    • Nr tomu wydaw.cg
    • Nr 51(2002).
    • p
    • Kod kreskowy
    • 2003200498743
    • r
    • Cena
    • 0.00
    • y
    • Status udostępniania
    • Tylko na miejscu
952 -Egzemplarz [ , ]
    • a
    • Numer inwentarzowy
    • Ec.49889
    • c
    • Sygnatura
    • Ec.47921
    • d
    • Lokalizacja
    • BE Biblioteka Ekonomiczna
    • i
    • Nr tomu wydaw.cg
    • Nr 52(2002).
    • p
    • Kod kreskowy
    • 2003200498897
    • r
    • Cena
    • 0.00
    • y
    • Status udostępniania
    • Tylko na miejscu
952 -Egzemplarz [ , ]
    • a
    • Numer inwentarzowy
    • Ec.50000
    • c
    • Sygnatura
    • Ec.47921
    • d
    • Lokalizacja
    • BE Biblioteka Ekonomiczna
    • i
    • Nr tomu wydaw.cg
    • Nr 53(2002).
    • p
    • Kod kreskowy
    • 2003200500002
    • r
    • Cena
    • 0.00
    • y
    • Status udostępniania
    • Tylko na miejscu
952 -Egzemplarz [ , ]
    • a
    • Numer inwentarzowy
    • Ec.49935
    • c
    • Sygnatura
    • Ec.47921
    • d
    • Lokalizacja
    • BE Biblioteka Ekonomiczna
    • i
    • Nr tomu wydaw.cg
    • Nr 55(2002).
    • p
    • Kod kreskowy
    • 2003200499351
    • r
    • Cena
    • 0.00
    • y
    • Status udostępniania
    • Tylko na miejscu
952 -Egzemplarz [ , ]
    • a
    • Numer inwentarzowy
    • Ec.50241
    • c
    • Sygnatura
    • Ec.47921
    • d
    • Lokalizacja
    • BE Biblioteka Ekonomiczna
    • i
    • Nr tomu wydaw.cg
    • Nr 58(2002).
    • p
    • Kod kreskowy
    • 2003200502419
    • r
    • Cena
    • 0.00
    • y
    • Status udostępniania
    • Tylko na miejscu
952 -Egzemplarz [ , ]
    • a
    • Numer inwentarzowy
    • Ec.50240
    • c
    • Sygnatura
    • Ec.47921
    • d
    • Lokalizacja
    • BE Biblioteka Ekonomiczna
    • i
    • Nr tomu wydaw.cg
    • Nr 56(2002)
    • p
    • Kod kreskowy
    • 2003200502402
    • r
    • Cena
    • 0.00
    • v
    • Data wprowadzenia opisu
    • 2025-04-07
    • y
    • Status udostępniania
    • Tylko na miejscu
952 -Egzemplarz [ , ]
    • a
    • Numer inwentarzowy
    • Ec.49996
    • c
    • Sygnatura
    • Ec.47921
    • d
    • Lokalizacja
    • BE Biblioteka Ekonomiczna
    • i
    • Nr tomu wydaw.cg
    • Nr 57(2002)
    • p
    • Kod kreskowy
    • 2003200499962
    • r
    • Cena
    • 0.00
    • v
    • Data wprowadzenia opisu
    • 2025-04-07
    • y
    • Status udostępniania
    • Tylko na miejscu
952 -Egzemplarz [ , ]
    • a
    • Numer inwentarzowy
    • Ec.50281
    • c
    • Sygnatura
    • Ec.47921
    • d
    • Lokalizacja
    • BE Biblioteka Ekonomiczna
    • i
    • Nr tomu wydaw.cg
    • Nr 59(2002).
    • p
    • Kod kreskowy
    • 2003200502815
    • r
    • Cena
    • 0.00
    • y
    • Status udostępniania
    • Tylko na miejscu
952 -Egzemplarz [ , ]
    • a
    • Numer inwentarzowy
    • Ec.50437
    • c
    • Sygnatura
    • Ec.47921
    • d
    • Lokalizacja
    • BE Biblioteka Ekonomiczna
    • i
    • Nr tomu wydaw.cg
    • Nr 61(2003).
    • p
    • Kod kreskowy
    • 2003200504376
    • r
    • Cena
    • 0.00
    • y
    • Status udostępniania
    • Tylko na miejscu
952 -Egzemplarz [ , ]
    • a
    • Numer inwentarzowy
    • Ec.50566
    • c
    • Sygnatura
    • Ec.47921
    • d
    • Lokalizacja
    • BE Biblioteka Ekonomiczna
    • i
    • Nr tomu wydaw.cg
    • Nr 63(2003).
    • p
    • Kod kreskowy
    • 2003200505663
    • r
    • Cena
    • 0.00
    • y
    • Status udostępniania
    • Tylko na miejscu
952 -Egzemplarz [ , ]
    • a
    • Numer inwentarzowy
    • Ec.50607
    • c
    • Sygnatura
    • Ec.47921
    • d
    • Lokalizacja
    • BE Biblioteka Ekonomiczna
    • i
    • Nr tomu wydaw.cg
    • Nr 64(2003).
    • p
    • Kod kreskowy
    • 2003200506073
    • r
    • Cena
    • 0.00
    • y
    • Status udostępniania
    • Tylko na miejscu
952 -Egzemplarz [ , ]
    • a
    • Numer inwentarzowy
    • Ec.50655
    • c
    • Sygnatura
    • Ec.47921
    • d
    • Lokalizacja
    • BE Biblioteka Ekonomiczna
    • i
    • Nr tomu wydaw.cg
    • Nr 65(2003)
    • p
    • Kod kreskowy
    • 2003200506554
    • r
    • Cena
    • 0.00
    • v
    • Data wprowadzenia opisu
    • 2025-04-07
    • y
    • Status udostępniania
    • Tylko na miejscu
952 -Egzemplarz [ , ]
    • a
    • Numer inwentarzowy
    • Ec.50808
    • c
    • Sygnatura
    • Ec.47921
    • d
    • Lokalizacja
    • BE Biblioteka Ekonomiczna
    • i
    • Nr tomu wydaw.cg
    • Nr 66(2003).
    • p
    • Kod kreskowy
    • 2003200508084
    • r
    • Cena
    • 0.00
    • y
    • Status udostępniania
    • Tylko na miejscu
952 -Egzemplarz [ , ]
    • a
    • Numer inwentarzowy
    • Ec.50810
    • c
    • Sygnatura
    • Ec.47921
    • d
    • Lokalizacja
    • BE Biblioteka Ekonomiczna
    • i
    • Nr tomu wydaw.cg
    • Nr 68(2003).
    • p
    • Kod kreskowy
    • 2003200508107
    • r
    • Cena
    • 0.00
    • y
    • Status udostępniania
    • Tylko na miejscu
952 -Egzemplarz [ , ]
    • a
    • Numer inwentarzowy
    • Ec.50812
    • c
    • Sygnatura
    • Ec.47921
    • d
    • Lokalizacja
    • BE Biblioteka Ekonomiczna
    • i
    • Nr tomu wydaw.cg
    • Nr 70(2004).
    • p
    • Kod kreskowy
    • 2003200508121
    • r
    • Cena
    • 0.00
    • y
    • Status udostępniania
    • Tylko na miejscu
952 -Egzemplarz [ , ]
    • a
    • Numer inwentarzowy
    • Ec.51164
    • c
    • Sygnatura
    • Ec.47921
    • d
    • Lokalizacja
    • BE Biblioteka Ekonomiczna
    • i
    • Nr tomu wydaw.cg
    • Nr 71(2004).
    • p
    • Kod kreskowy
    • 2003200511640
    • r
    • Cena
    • 0.00
    • y
    • Status udostępniania
    • Tylko na miejscu
952 -Egzemplarz [ , ]
    • a
    • Numer inwentarzowy
    • Ec.51162
    • c
    • Sygnatura
    • Ec.47921
    • d
    • Lokalizacja
    • BE Biblioteka Ekonomiczna
    • i
    • Nr tomu wydaw.cg
    • Nr 72(2004).
    • p
    • Kod kreskowy
    • 2003200511626
    • r
    • Cena
    • 0.00
    • y
    • Status udostępniania
    • Tylko na miejscu
952 -Egzemplarz [ , ]
    • a
    • Numer inwentarzowy
    • Ec.51087
    • c
    • Sygnatura
    • Ec.47921
    • d
    • Lokalizacja
    • BE Biblioteka Ekonomiczna
    • i
    • Nr tomu wydaw.cg
    • Nr 74-81 (2004)
    • p
    • Kod kreskowy
    • 2003200510872
    • r
    • Cena
    • 0.00
    • v
    • Data wprowadzenia opisu
    • 2025-04-08
    • y
    • Status udostępniania
    • Tylko na miejscu
952 -Egzemplarz [ , ]
    • a
    • Numer inwentarzowy
    • Ec.51754
    • c
    • Sygnatura
    • Ec.47921
    • d
    • Lokalizacja
    • BE Biblioteka Ekonomiczna
    • i
    • Nr tomu wydaw.cg
    • Nr 82-87 (2005)
    • p
    • Kod kreskowy
    • 2003200517543
    • r
    • Cena
    • 0.00
    • v
    • Data wprowadzenia opisu
    • 2025-04-08
    • y
    • Status udostępniania
    • Tylko na miejscu
952 -Egzemplarz [ , ]
    • a
    • Numer inwentarzowy
    • Ec.51165
    • c
    • Sygnatura
    • Ec.47921
    • d
    • Lokalizacja
    • BE Biblioteka Ekonomiczna
    • e
    • Akcesja
    • 04d651/11
    • i
    • Nr tomu wydaw.cg
    • Nr 73(2004)
    • p
    • Kod kreskowy
    • 2003200511657
    • r
    • Cena
    • 15.0
    • w
    • Data inwentaryzacji
    • 2005-06-28
    • y
    • Status udostępniania
    • Tylko na miejscu
    • z
    • Sposób nabycia
    • dary zwarte
952 -Egzemplarz [ , ]
    • a
    • Numer inwentarzowy
    • Ec.51755
    • c
    • Sygnatura
    • Ec.47921
    • d
    • Lokalizacja
    • BE Biblioteka Ekonomiczna
    • i
    • Nr tomu wydaw.cg
    • Nr 88-92(2005)
    • p
    • Kod kreskowy
    • 2003200517550
    • r
    • Cena
    • 0.00
    • v
    • Data wprowadzenia opisu
    • 2025-04-08
    • y
    • Status udostępniania
    • Tylko na miejscu
952 -Egzemplarz [ , ]
    • a
    • Numer inwentarzowy
    • Ec.52148
    • c
    • Sygnatura
    • Ec.47921
    • d
    • Lokalizacja
    • BE Biblioteka Ekonomiczna
    • i
    • Nr tomu wydaw.cg
    • Nr 99-101(2006)
    • p
    • Kod kreskowy
    • 2003200521489
    • r
    • Cena
    • 0.00
    • v
    • Data wprowadzenia opisu
    • 2025-04-08
    • y
    • Status udostępniania
    • Tylko na miejscu
952 -Egzemplarz [ , ]
    • a
    • Numer inwentarzowy
    • Ec.52568
    • c
    • Sygnatura
    • Ec.47921
    • d
    • Lokalizacja
    • BE Biblioteka Ekonomiczna
    • i
    • Nr tomu wydaw.cg
    • Nr 105-110(2007)
    • p
    • Kod kreskowy
    • 2003200525685
    • r
    • Cena
    • 0.00
    • v
    • Data wprowadzenia opisu
    • 2025-04-08
    • y
    • Status udostępniania
    • Tylko na miejscu
952 -Egzemplarz [ , ]
    • a
    • Numer inwentarzowy
    • Ec.52569
    • c
    • Sygnatura
    • Ec.47921
    • d
    • Lokalizacja
    • BE Biblioteka Ekonomiczna
    • i
    • Nr tomu wydaw.cg
    • Nr 111-117(2007)
    • p
    • Kod kreskowy
    • 2003200525692
    • r
    • Cena
    • 0.00
    • v
    • Data wprowadzenia opisu
    • 2025-04-08
    • y
    • Status udostępniania
    • Tylko na miejscu
952 -Egzemplarz [ , ]
    • a
    • Numer inwentarzowy
    • Ec.53171
    • c
    • Sygnatura
    • Ec.47921
    • d
    • Lokalizacja
    • BE Biblioteka Ekonomiczna
    • i
    • Nr tomu wydaw.cg
    • Nr 118-123(2008)
    • p
    • Kod kreskowy
    • 2003200531716
    • r
    • Cena
    • 0.00
    • v
    • Data wprowadzenia opisu
    • 2025-04-08
    • y
    • Status udostępniania
    • Tylko na miejscu
952 -Egzemplarz [ , ]
    • a
    • Numer inwentarzowy
    • Ec.53172
    • c
    • Sygnatura
    • Ec.47921
    • d
    • Lokalizacja
    • BE Biblioteka Ekonomiczna
    • i
    • Nr tomu wydaw.cg
    • Nr 124-129(2008)
    • p
    • Kod kreskowy
    • 2003200531723
    • r
    • Cena
    • 0.00
    • v
    • Data wprowadzenia opisu
    • 2025-04-08
    • y
    • Status udostępniania
    • Tylko na miejscu
952 -Egzemplarz [ , ]
    • a
    • Numer inwentarzowy
    • Ec.50809
    • c
    • Sygnatura
    • Ec.47921
    • d
    • Lokalizacja
    • BE Biblioteka Ekonomiczna
    • e
    • Akcesja
    • 04d65/10
    • i
    • Nr tomu wydaw.cg
    • Nr 67(2003)
    • p
    • Kod kreskowy
    • 2003200508091
    • r
    • Cena
    • 12.0
    • w
    • Data inwentaryzacji
    • 2004-04-08
    • y
    • Status udostępniania
    • Tylko na miejscu
    • z
    • Sposób nabycia
    • dary zwarte
952 -Egzemplarz [ , ]
    • a
    • Numer inwentarzowy
    • Ec.48819
    • c
    • Sygnatura
    • Ec.47921
    • d
    • Lokalizacja
    • BE Biblioteka Ekonomiczna
    • i
    • Nr tomu wydaw.cg
    • Nr 34(2000)
    • p
    • Kod kreskowy
    • 2003200488195
    • r
    • Cena
    • 0.00
    • y
    • Status udostępniania
    • Tylko na miejscu
952 -Egzemplarz [ , ]
    • a
    • Numer inwentarzowy
    • Ec.49074
    • c
    • Sygnatura
    • Ec.47921
    • d
    • Lokalizacja
    • BE Biblioteka Ekonomiczna
    • i
    • Nr tomu wydaw.cg
    • Nr 35(2000). 1
    • p
    • Kod kreskowy
    • 2003200490747
    • r
    • Cena
    • 0.00
    • v
    • Data wprowadzenia opisu
    • 2025-04-07
    • y
    • Status udostępniania
    • Tylko na miejscu
952 -Egzemplarz [ , ]
    • a
    • Numer inwentarzowy
    • SAc.5746
    • c
    • Sygnatura
    • SAc.5746
    • d
    • Lokalizacja
    • BSA Biblioteka Wydziału Prawa i Administracji im. prof. Stanisława Czepity
    • e
    • Akcesja
    • 00d290/1
    • i
    • Nr tomu wydaw.cg
    • [Nr 9] Wydanie Specjalne (1999)
    • p
    • Kod kreskowy
    • 2004800057460
    • r
    • Cena
    • 12.00
    • w
    • Data inwentaryzacji
    • 2004-03-17
    • y
    • Status udostępniania
    • Tylko na miejscu
952 -Egzemplarz [ , ]
    • a
    • Numer inwentarzowy
    • SAc.5745
    • c
    • Sygnatura
    • SAc.5734
    • d
    • Lokalizacja
    • BSA Biblioteka Wydziału Prawa i Administracji im. prof. Stanisława Czepity
    • e
    • Akcesja
    • 01d363/4
    • i
    • Nr tomu wydaw.cg
    • Nr 37 (2000)
    • p
    • Kod kreskowy
    • 2004800057453
    • r
    • Cena
    • 12.00
    • w
    • Data inwentaryzacji
    • 2004-03-17
    • y
    • Status udostępniania
    • Tylko na miejscu
952 -Egzemplarz [ , ]
    • a
    • Numer inwentarzowy
    • SAc.5754
    • c
    • Sygnatura
    • SAc.5734
    • d
    • Lokalizacja
    • BSA Biblioteka Wydziału Prawa i Administracji im. prof. Stanisława Czepity
    • e
    • Akcesja
    • 01d604/1
    • i
    • Nr tomu wydaw.cg
    • Nr 44 (2001)
    • p
    • Kod kreskowy
    • 2004800057545
    • r
    • Cena
    • 12.00
    • w
    • Data inwentaryzacji
    • 2004-03-17
    • y
    • Status udostępniania
    • Tylko na miejscu
952 -Egzemplarz [ , ]
    • a
    • Numer inwentarzowy
    • SAc.5747
    • c
    • Sygnatura
    • SAc.5734
    • d
    • Lokalizacja
    • BSA Biblioteka Wydziału Prawa i Administracji im. prof. Stanisława Czepity
    • e
    • Akcesja
    • 01d363/2
    • i
    • Nr tomu wydaw.cg
    • Nr 36 (2001)
    • p
    • Kod kreskowy
    • 2004800057477
    • r
    • Cena
    • 12.00
    • w
    • Data inwentaryzacji
    • 2004-03-17
    • y
    • Status udostępniania
    • Tylko na miejscu
952 -Egzemplarz [ , ]
    • a
    • Numer inwentarzowy
    • SAc.5743
    • c
    • Sygnatura
    • SAc.5734
    • d
    • Lokalizacja
    • BSA Biblioteka Wydziału Prawa i Administracji im. prof. Stanisława Czepity
    • e
    • Akcesja
    • 01d193/2
    • i
    • Nr tomu wydaw.cg
    • Nr 35 cz.1 (2000)
    • p
    • Kod kreskowy
    • 2004800057439
    • r
    • Cena
    • 12.00
    • w
    • Data inwentaryzacji
    • 2004-03-17
    • y
    • Status udostępniania
    • Tylko na miejscu
952 -Egzemplarz [ , ]
    • a
    • Numer inwentarzowy
    • SAc.5742
    • c
    • Sygnatura
    • SAc.5734
    • d
    • Lokalizacja
    • BSA Biblioteka Wydziału Prawa i Administracji im. prof. Stanisława Czepity
    • e
    • Akcesja
    • 01d81/1
    • i
    • Nr tomu wydaw.cg
    • Nr 34 (2000)
    • p
    • Kod kreskowy
    • 2004800057422
    • r
    • Cena
    • 12.00
    • w
    • Data inwentaryzacji
    • 2004-03-17
    • y
    • Status udostępniania
    • Tylko na miejscu
952 -Egzemplarz [ , ]
    • a
    • Numer inwentarzowy
    • SAc.5757
    • c
    • Sygnatura
    • SAc.5734
    • d
    • Lokalizacja
    • BSA Biblioteka Wydziału Prawa i Administracji im. prof. Stanisława Czepity
    • e
    • Akcesja
    • 02d123/10
    • i
    • Nr tomu wydaw.cg
    • Nr 46 (2001)
    • p
    • Kod kreskowy
    • 2004800057576
    • r
    • Cena
    • 12.00
    • w
    • Data inwentaryzacji
    • 2004-03-17
    • y
    • Status udostępniania
    • Tylko na miejscu
952 -Egzemplarz [ , ]
    • a
    • Numer inwentarzowy
    • SAc.5755
    • c
    • Sygnatura
    • SAc.5734
    • d
    • Lokalizacja
    • BSA Biblioteka Wydziału Prawa i Administracji im. prof. Stanisława Czepity
    • e
    • Akcesja
    • 02d88/3
    • i
    • Nr tomu wydaw.cg
    • Nr 44 A (2001)
    • p
    • Kod kreskowy
    • 2004800057552
    • r
    • Cena
    • 12.00
    • w
    • Data inwentaryzacji
    • 2004-03-17
    • y
    • Status udostępniania
    • Tylko na miejscu
952 -Egzemplarz [ , ]
    • a
    • Numer inwentarzowy
    • SAc.5759
    • c
    • Sygnatura
    • SAc.5734
    • d
    • Lokalizacja
    • BSA Biblioteka Wydziału Prawa i Administracji im. prof. Stanisława Czepity
    • e
    • Akcesja
    • 02d183/2
    • i
    • Nr tomu wydaw.cg
    • Nr 48 (2002)
    • p
    • Kod kreskowy
    • 2004800057590
    • r
    • Cena
    • 10.00
    • w
    • Data inwentaryzacji
    • 2004-03-17
    • y
    • Status udostępniania
    • Tylko na miejscu
952 -Egzemplarz [ , ]
    • a
    • Numer inwentarzowy
    • SAc.5766
    • c
    • Sygnatura
    • SAc.5734
    • d
    • Lokalizacja
    • BSA Biblioteka Wydziału Prawa i Administracji im. prof. Stanisława Czepity
    • e
    • Akcesja
    • 02d630/25
    • i
    • Nr tomu wydaw.cg
    • Nr 54 (2002)
    • p
    • Kod kreskowy
    • 2004800057668
    • r
    • Cena
    • 12.00
    • w
    • Data inwentaryzacji
    • 2004-03-17
    • y
    • Status udostępniania
    • Tylko na miejscu
952 -Egzemplarz [ , ]
    • a
    • Numer inwentarzowy
    • SAc.5768
    • c
    • Sygnatura
    • SAc.5734
    • d
    • Lokalizacja
    • BSA Biblioteka Wydziału Prawa i Administracji im. prof. Stanisława Czepity
    • e
    • Akcesja
    • 03d296/1
    • i
    • Nr tomu wydaw.cg
    • Nr 56 (2002)
    • p
    • Kod kreskowy
    • 2004800057682
    • r
    • Cena
    • 12.00
    • w
    • Data inwentaryzacji
    • 2004-03-19
    • y
    • Status udostępniania
    • Tylko na miejscu
952 -Egzemplarz [ , ]
    • a
    • Numer inwentarzowy
    • SAc.5776
    • c
    • Sygnatura
    • SAc.5734
    • d
    • Lokalizacja
    • BSA Biblioteka Wydziału Prawa i Administracji im. prof. Stanisława Czepity
    • e
    • Akcesja
    • 04d65/10
    • i
    • Nr tomu wydaw.cg
    • Nr 67 (2003)
    • p
    • Kod kreskowy
    • 2004800057767
    • r
    • Cena
    • 12.00
    • w
    • Data inwentaryzacji
    • 2004-03-19
    • y
    • Status udostępniania
    • Tylko na miejscu
952 -Egzemplarz [ , ]
    • a
    • Numer inwentarzowy
    • SAc.6259
    • c
    • Sygnatura
    • SAc.5734
    • d
    • Lokalizacja
    • BSA Biblioteka Wydziału Prawa i Administracji im. prof. Stanisława Czepity
    • e
    • Akcesja
    • 04d651/11
    • i
    • Nr tomu wydaw.cg
    • Nr 73 (2004)
    • p
    • Kod kreskowy
    • 2004800062594
    • r
    • Cena
    • 15.00
    • w
    • Data inwentaryzacji
    • 2005-10-06
    • y
    • Status udostępniania
    • Tylko na miejscu
952 -Egzemplarz [ , ]
    • a
    • Numer inwentarzowy
    • SAc.5735
    • c
    • Sygnatura
    • SAc.5734
    • d
    • Lokalizacja
    • BSA Biblioteka Wydziału Prawa i Administracji im. prof. Stanisława Czepity
    • i
    • Nr tomu wydaw.cg
    • Nr 26 (1999)
    • p
    • Kod kreskowy
    • 2004800057354
    • r
    • Cena
    • 12.00
    • y
    • Status udostępniania
    • Tylko na miejscu
952 -Egzemplarz [ , ]
    • a
    • Numer inwentarzowy
    • SAc.5736
    • c
    • Sygnatura
    • SAc.5734
    • d
    • Lokalizacja
    • BSA Biblioteka Wydziału Prawa i Administracji im. prof. Stanisława Czepity
    • i
    • Nr tomu wydaw.cg
    • Nr 27 (2000)
    • p
    • Kod kreskowy
    • 2004800057361
    • r
    • Cena
    • 12.00
    • y
    • Status udostępniania
    • Tylko na miejscu
952 -Egzemplarz [ , ]
    • a
    • Numer inwentarzowy
    • SAc.5737
    • c
    • Sygnatura
    • SAc.5734
    • d
    • Lokalizacja
    • BSA Biblioteka Wydziału Prawa i Administracji im. prof. Stanisława Czepity
    • i
    • Nr tomu wydaw.cg
    • Nr 28 (2000)
    • p
    • Kod kreskowy
    • 2004800057378
    • r
    • Cena
    • 12.00
    • y
    • Status udostępniania
    • Tylko na miejscu
952 -Egzemplarz [ , ]
    • a
    • Numer inwentarzowy
    • SAc.5738
    • c
    • Sygnatura
    • SAc.5734
    • d
    • Lokalizacja
    • BSA Biblioteka Wydziału Prawa i Administracji im. prof. Stanisława Czepity
    • i
    • Nr tomu wydaw.cg
    • Nr 29 (2000)
    • p
    • Kod kreskowy
    • 2004800057385
    • r
    • Cena
    • 12.00
    • y
    • Status udostępniania
    • Tylko na miejscu
952 -Egzemplarz [ , ]
    • a
    • Numer inwentarzowy
    • SAc.5739
    • c
    • Sygnatura
    • SAc.5734
    • d
    • Lokalizacja
    • BSA Biblioteka Wydziału Prawa i Administracji im. prof. Stanisława Czepity
    • i
    • Nr tomu wydaw.cg
    • Nr 31 (2000)
    • p
    • Kod kreskowy
    • 2004800057392
    • r
    • Cena
    • 12.00
    • y
    • Status udostępniania
    • Tylko na miejscu
952 -Egzemplarz [ , ]
    • a
    • Numer inwentarzowy
    • SAc.5740
    • c
    • Sygnatura
    • SAc.5734
    • d
    • Lokalizacja
    • BSA Biblioteka Wydziału Prawa i Administracji im. prof. Stanisława Czepity
    • i
    • Nr tomu wydaw.cg
    • Nr 32 (2000)
    • p
    • Kod kreskowy
    • 2004800057408
    • r
    • Cena
    • 12.00
    • y
    • Status udostępniania
    • Tylko na miejscu
952 -Egzemplarz [ , ]
    • a
    • Numer inwentarzowy
    • SAc.5741
    • c
    • Sygnatura
    • SAc.5734
    • d
    • Lokalizacja
    • BSA Biblioteka Wydziału Prawa i Administracji im. prof. Stanisława Czepity
    • i
    • Nr tomu wydaw.cg
    • Nr 33 (2000)
    • p
    • Kod kreskowy
    • 2004800057415
    • r
    • Cena
    • 12.00
    • y
    • Status udostępniania
    • Tylko na miejscu
952 -Egzemplarz [ , ]
    • a
    • Numer inwentarzowy
    • SAc.5748
    • c
    • Sygnatura
    • SAc.5734
    • d
    • Lokalizacja
    • BSA Biblioteka Wydziału Prawa i Administracji im. prof. Stanisława Czepity
    • i
    • Nr tomu wydaw.cg
    • Nr 38 (2001)
    • p
    • Kod kreskowy
    • 2004800057484
    • r
    • Cena
    • 12.00
    • y
    • Status udostępniania
    • Tylko na miejscu
952 -Egzemplarz [ , ]
    • a
    • Numer inwentarzowy
    • SAc.5750
    • c
    • Sygnatura
    • SAc.5734
    • d
    • Lokalizacja
    • BSA Biblioteka Wydziału Prawa i Administracji im. prof. Stanisława Czepity
    • i
    • Nr tomu wydaw.cg
    • Nr 40 (2001)
    • p
    • Kod kreskowy
    • 2004800057507
    • r
    • Cena
    • 12.00
    • y
    • Status udostępniania
    • Tylko na miejscu
952 -Egzemplarz [ , ]
    • a
    • Numer inwentarzowy
    • SAc.5751
    • c
    • Sygnatura
    • SAc.5734
    • d
    • Lokalizacja
    • BSA Biblioteka Wydziału Prawa i Administracji im. prof. Stanisława Czepity
    • i
    • Nr tomu wydaw.cg
    • Nr 41 (2001)
    • p
    • Kod kreskowy
    • 2004800057514
    • r
    • Cena
    • 12.00
    • y
    • Status udostępniania
    • Tylko na miejscu
952 -Egzemplarz [ , ]
    • a
    • Numer inwentarzowy
    • SAc.5752
    • c
    • Sygnatura
    • SAc.5734
    • d
    • Lokalizacja
    • BSA Biblioteka Wydziału Prawa i Administracji im. prof. Stanisława Czepity
    • i
    • Nr tomu wydaw.cg
    • Nr 42 (2001)
    • p
    • Kod kreskowy
    • 2004800057521
    • r
    • Cena
    • 12.00
    • y
    • Status udostępniania
    • Tylko na miejscu
952 -Egzemplarz [ , ]
    • a
    • Numer inwentarzowy
    • SAc.5753
    • c
    • Sygnatura
    • SAc.5734
    • d
    • Lokalizacja
    • BSA Biblioteka Wydziału Prawa i Administracji im. prof. Stanisława Czepity
    • i
    • Nr tomu wydaw.cg
    • Nr 43 (2001)
    • p
    • Kod kreskowy
    • 2004800057538
    • r
    • Cena
    • 12.00
    • y
    • Status udostępniania
    • Tylko na miejscu
952 -Egzemplarz [ , ]
    • a
    • Numer inwentarzowy
    • SAc.5756
    • c
    • Sygnatura
    • SAc.5734
    • d
    • Lokalizacja
    • BSA Biblioteka Wydziału Prawa i Administracji im. prof. Stanisława Czepity
    • i
    • Nr tomu wydaw.cg
    • Nr 45 (2001)
    • p
    • Kod kreskowy
    • 2004800057569
    • r
    • Cena
    • 12.00
    • y
    • Status udostępniania
    • Tylko na miejscu
952 -Egzemplarz [ , ]
    • a
    • Numer inwentarzowy
    • SAc.5758
    • c
    • Sygnatura
    • SAc.5734
    • d
    • Lokalizacja
    • BSA Biblioteka Wydziału Prawa i Administracji im. prof. Stanisława Czepity
    • i
    • Nr tomu wydaw.cg
    • Nr 47 (2001)
    • p
    • Kod kreskowy
    • 2004800057583
    • r
    • Cena
    • 12.00
    • y
    • Status udostępniania
    • Tylko na miejscu
952 -Egzemplarz [ , ]
    • a
    • Numer inwentarzowy
    • SAc.5760
    • c
    • Sygnatura
    • SAc.5734
    • d
    • Lokalizacja
    • BSA Biblioteka Wydziału Prawa i Administracji im. prof. Stanisława Czepity
    • i
    • Nr tomu wydaw.cg
    • Nr 49 (2002)
    • p
    • Kod kreskowy
    • 2004800057606
    • r
    • Cena
    • 12.00
    • y
    • Status udostępniania
    • Tylko na miejscu
952 -Egzemplarz [ , ]
    • a
    • Numer inwentarzowy
    • SAc.5761
    • c
    • Sygnatura
    • SAc.5734
    • d
    • Lokalizacja
    • BSA Biblioteka Wydziału Prawa i Administracji im. prof. Stanisława Czepity
    • i
    • Nr tomu wydaw.cg
    • Nr 50 (2002)
    • p
    • Kod kreskowy
    • 2004800057613
    • r
    • Cena
    • 12.00
    • y
    • Status udostępniania
    • Tylko na miejscu
952 -Egzemplarz [ , ]
    • a
    • Numer inwentarzowy
    • SAc.5762
    • c
    • Sygnatura
    • SAc.5734
    • d
    • Lokalizacja
    • BSA Biblioteka Wydziału Prawa i Administracji im. prof. Stanisława Czepity
    • i
    • Nr tomu wydaw.cg
    • Nr 51 (2002)
    • p
    • Kod kreskowy
    • 2004800057620
    • r
    • Cena
    • 12.00
    • y
    • Status udostępniania
    • Tylko na miejscu
952 -Egzemplarz [ , ]
    • a
    • Numer inwentarzowy
    • SAc.5763
    • c
    • Sygnatura
    • SAc.5734
    • d
    • Lokalizacja
    • BSA Biblioteka Wydziału Prawa i Administracji im. prof. Stanisława Czepity
    • i
    • Nr tomu wydaw.cg
    • Nr 52 (2002)
    • p
    • Kod kreskowy
    • 2004800057637
    • r
    • Cena
    • 12.00
    • y
    • Status udostępniania
    • Tylko na miejscu
952 -Egzemplarz [ , ]
    • a
    • Numer inwentarzowy
    • SAc.5765
    • c
    • Sygnatura
    • SAc.5734
    • d
    • Lokalizacja
    • BSA Biblioteka Wydziału Prawa i Administracji im. prof. Stanisława Czepity
    • h
    • Uwagi
    • wyd. spec.
    • i
    • Nr tomu wydaw.cg
    • Nr 53 cz. 2 (2002)
    • p
    • Kod kreskowy
    • 2004800057651
    • r
    • Cena
    • 12.00
    • y
    • Status udostępniania
    • Tylko na miejscu
952 -Egzemplarz [ , ]
    • a
    • Numer inwentarzowy
    • SAc.5764
    • c
    • Sygnatura
    • SAc.5734
    • d
    • Lokalizacja
    • BSA Biblioteka Wydziału Prawa i Administracji im. prof. Stanisława Czepity
    • h
    • Uwagi
    • wyd. spec.
    • i
    • Nr tomu wydaw.cg
    • Nr 53 cz. 1 (2002)
    • p
    • Kod kreskowy
    • 2004800057644
    • r
    • Cena
    • 12.00
    • y
    • Status udostępniania
    • Tylko na miejscu
952 -Egzemplarz [ , ]
    • a
    • Numer inwentarzowy
    • SAc.5767
    • c
    • Sygnatura
    • SAc.5734
    • d
    • Lokalizacja
    • BSA Biblioteka Wydziału Prawa i Administracji im. prof. Stanisława Czepity
    • i
    • Nr tomu wydaw.cg
    • Nr 55 (2002)
    • p
    • Kod kreskowy
    • 2004800057675
    • r
    • Cena
    • 12.00
    • y
    • Status udostępniania
    • Tylko na miejscu
952 -Egzemplarz [ , ]
    • a
    • Numer inwentarzowy
    • SAc.5769
    • c
    • Sygnatura
    • SAc.5734
    • d
    • Lokalizacja
    • BSA Biblioteka Wydziału Prawa i Administracji im. prof. Stanisława Czepity
    • e
    • Akcesja
    • 02d818/1
    • h
    • Uwagi
    • wyd. spec.
    • i
    • Nr tomu wydaw.cg
    • Nr 57 (2002)
    • p
    • Kod kreskowy
    • 2004800057699
    • r
    • Cena
    • 12.00
    • w
    • Data inwentaryzacji
    • 2004-03-19
    • y
    • Status udostępniania
    • Tylko na miejscu
952 -Egzemplarz [ , ]
    • a
    • Numer inwentarzowy
    • SAc.5770
    • c
    • Sygnatura
    • SAc.5734
    • d
    • Lokalizacja
    • BSA Biblioteka Wydziału Prawa i Administracji im. prof. Stanisława Czepity
    • i
    • Nr tomu wydaw.cg
    • Nr 58 (2002)
    • p
    • Kod kreskowy
    • 2004800057705
    • r
    • Cena
    • 12.00
    • y
    • Status udostępniania
    • Tylko na miejscu
952 -Egzemplarz [ , ]
    • c
    • Sygnatura
    • SAc.5734
    • d
    • Lokalizacja
    • BSA Biblioteka Wydziału Prawa i Administracji im. prof. Stanisława Czepity
    • h
    • Uwagi
    • wyd. spec.
    • i
    • Nr tomu wydaw.cg
    • Nr 60 (2002)
    • r
    • Cena
    • 12.00
    • v
    • Data wprowadzenia opisu
    • 2025-05-30
    • y
    • Status udostępniania
    • Tylko na miejscu
952 -Egzemplarz [ , ]
    • a
    • Numer inwentarzowy
    • SAc.5771
    • c
    • Sygnatura
    • SAc.5734
    • d
    • Lokalizacja
    • BSA Biblioteka Wydziału Prawa i Administracji im. prof. Stanisława Czepity
    • i
    • Nr tomu wydaw.cg
    • Nr 59 (2002)
    • p
    • Kod kreskowy
    • 2004800057712
    • r
    • Cena
    • 12.00
    • y
    • Status udostępniania
    • Tylko na miejscu
952 -Egzemplarz [ , ]
    • a
    • Numer inwentarzowy
    • SAc.5773
    • c
    • Sygnatura
    • SAc.5734
    • d
    • Lokalizacja
    • BSA Biblioteka Wydziału Prawa i Administracji im. prof. Stanisława Czepity
    • i
    • Nr tomu wydaw.cg
    • Nr 61 (2003)
    • p
    • Kod kreskowy
    • 2004800057736
    • r
    • Cena
    • 12.00
    • y
    • Status udostępniania
    • Tylko na miejscu
952 -Egzemplarz [ , ]
    • a
    • Numer inwentarzowy
    • SAc.5774
    • c
    • Sygnatura
    • SAc.5734
    • d
    • Lokalizacja
    • BSA Biblioteka Wydziału Prawa i Administracji im. prof. Stanisława Czepity
    • i
    • Nr tomu wydaw.cg
    • Nr 64 (2003)
    • p
    • Kod kreskowy
    • 2004800057743
    • r
    • Cena
    • 12.00
    • y
    • Status udostępniania
    • Tylko na miejscu
952 -Egzemplarz [ , ]
    • a
    • Numer inwentarzowy
    • SAc.5734
    • c
    • Sygnatura
    • SAc.5734
    • d
    • Lokalizacja
    • BSA Biblioteka Wydziału Prawa i Administracji im. prof. Stanisława Czepity
    • i
    • Nr tomu wydaw.cg
    • Nr 25 (1999)
    • p
    • Kod kreskowy
    • 2004800057347
    • r
    • Cena
    • 12.00
    • y
    • Status udostępniania
    • Tylko na miejscu
952 -Egzemplarz [ , ]
    • a
    • Numer inwentarzowy
    • SAc.5775
    • c
    • Sygnatura
    • SAc.5734
    • d
    • Lokalizacja
    • BSA Biblioteka Wydziału Prawa i Administracji im. prof. Stanisława Czepity
    • i
    • Nr tomu wydaw.cg
    • Nr 66 (2003)
    • p
    • Kod kreskowy
    • 2004800057750
    • r
    • Cena
    • 12.00
    • y
    • Status udostępniania
    • Tylko na miejscu
952 -Egzemplarz [ , ]
    • a
    • Numer inwentarzowy
    • SAc.6183
    • c
    • Sygnatura
    • SAc.5734
    • d
    • Lokalizacja
    • BSA Biblioteka Wydziału Prawa i Administracji im. prof. Stanisława Czepity
    • i
    • Nr tomu wydaw.cg
    • Nr 63 (2003)
    • p
    • Kod kreskowy
    • 2004800061832
    • r
    • Cena
    • 20.00
    • y
    • Status udostępniania
    • Tylko na miejscu
952 -Egzemplarz [ , ]
    • a
    • Numer inwentarzowy
    • SAc.6184
    • c
    • Sygnatura
    • SAc.5734
    • d
    • Lokalizacja
    • BSA Biblioteka Wydziału Prawa i Administracji im. prof. Stanisława Czepity
    • i
    • Nr tomu wydaw.cg
    • Nr 68 (2003)
    • p
    • Kod kreskowy
    • 2004800061849
    • r
    • Cena
    • 25.00
    • y
    • Status udostępniania
    • Tylko na miejscu
952 -Egzemplarz [ , ]
    • a
    • Numer inwentarzowy
    • SAc.6256
    • c
    • Sygnatura
    • SAc.5734
    • d
    • Lokalizacja
    • BSA Biblioteka Wydziału Prawa i Administracji im. prof. Stanisława Czepity
    • i
    • Nr tomu wydaw.cg
    • Nr 70 (2004)
    • p
    • Kod kreskowy
    • 2004800062563
    • r
    • Cena
    • 15.00
    • y
    • Status udostępniania
    • Tylko na miejscu
952 -Egzemplarz [ , ]
    • a
    • Numer inwentarzowy
    • SAc.6257
    • c
    • Sygnatura
    • SAc.5734
    • d
    • Lokalizacja
    • BSA Biblioteka Wydziału Prawa i Administracji im. prof. Stanisława Czepity
    • i
    • Nr tomu wydaw.cg
    • Nr 71 (2004)
    • p
    • Kod kreskowy
    • 2004800062570
    • r
    • Cena
    • 15.00
    • y
    • Status udostępniania
    • Tylko na miejscu
952 -Egzemplarz [ , ]
    • a
    • Numer inwentarzowy
    • SAc.6258
    • c
    • Sygnatura
    • SAc.5734
    • d
    • Lokalizacja
    • BSA Biblioteka Wydziału Prawa i Administracji im. prof. Stanisława Czepity
    • i
    • Nr tomu wydaw.cg
    • Nr 72 (2004)
    • p
    • Kod kreskowy
    • 2004800062587
    • r
    • Cena
    • 15.00
    • y
    • Status udostępniania
    • Tylko na miejscu
952 -Egzemplarz [ , ]
    • a
    • Numer inwentarzowy
    • SAc.6185
    • c
    • Sygnatura
    • SAc.5734
    • d
    • Lokalizacja
    • BSA Biblioteka Wydziału Prawa i Administracji im. prof. Stanisława Czepity
    • i
    • Nr tomu wydaw.cg
    • Nr 70 (2004)
    • p
    • Kod kreskowy
    • 2004800061856
    • r
    • Cena
    • 15.00
    • y
    • Status udostępniania
    • Tylko na miejscu
952 -Egzemplarz [ , ]
    • a
    • Numer inwentarzowy
    • CEc.22
    • c
    • Sygnatura
    • CEc.20
    • d
    • Lokalizacja
    • BG Dział Udostępniania Biblioteka Główna
    • e
    • Akcesja
    • 99d67/1
    • i
    • Nr tomu wydaw.cg
    • Wydanie Specjalne (1998)
    • p
    • Kod kreskowy
    • 2002900000225
    • r
    • Cena
    • 20.0
    • w
    • Data inwentaryzacji
    • 1998-11-24
    • y
    • Status udostępniania
    • Tylko na miejscu
952 -Egzemplarz [ , ]
    • a
    • Numer inwentarzowy
    • Tc.913
    • c
    • Sygnatura
    • Tc.613
    • d
    • Lokalizacja
    • T Biblioteka Kampusowa Cukrowa EFZ
    • e
    • Akcesja
    • 01d81/1
    • i
    • Nr tomu wydaw.cg
    • Nr 34 (2000)
    • p
    • Kod kreskowy
    • 2004200009137
    • r
    • Cena
    • 13.0
    • w
    • Data inwentaryzacji
    • 2001-06-21
    • y
    • Status udostępniania
    • Nocne
952 -Egzemplarz [ , ]
    • a
    • Numer inwentarzowy
    • Ec.49218
    • c
    • Sygnatura
    • Ec.47921
    • d
    • Lokalizacja
    • BE Biblioteka Ekonomiczna
    • i
    • Nr tomu wydaw.cg
    • Nr 36(2001)
    • p
    • Kod kreskowy
    • 2003200492185
    • r
    • Cena
    • 0.00
    • v
    • Data wprowadzenia opisu
    • 2025-04-07
    • y
    • Status udostępniania
    • Tylko na miejscu
952 -Egzemplarz [ , ]
    • a
    • Numer inwentarzowy
    • Ec.49219
    • c
    • Sygnatura
    • Ec.47921
    • d
    • Lokalizacja
    • BE Biblioteka Ekonomiczna
    • i
    • Nr tomu wydaw.cg
    • Nr 37(2000)
    • p
    • Kod kreskowy
    • 2003200492192
    • r
    • Cena
    • 0.00
    • v
    • Data wprowadzenia opisu
    • 2025-04-07
    • y
    • Status udostępniania
    • Tylko na miejscu
952 -Egzemplarz [ , ]
    • a
    • Numer inwentarzowy
    • Ec.49614
    • c
    • Sygnatura
    • Ec.47921
    • d
    • Lokalizacja
    • BE Biblioteka Ekonomiczna
    • i
    • Nr tomu wydaw.cg
    • Nr 46(2001)
    • p
    • Kod kreskowy
    • 2003200496145
    • r
    • Cena
    • 0.00
    • v
    • Data wprowadzenia opisu
    • 2025-04-07
    • y
    • Status udostępniania
    • Tylko na miejscu
952 -Egzemplarz [ , ]
    • a
    • Numer inwentarzowy
    • Ec.50399
    • c
    • Sygnatura
    • Ec.47921
    • d
    • Lokalizacja
    • BE Biblioteka Ekonomiczna
    • i
    • Nr tomu wydaw.cg
    • Nr 60(2002)
    • p
    • Kod kreskowy
    • 2003200503997
    • r
    • Cena
    • 0.00
    • v
    • Data wprowadzenia opisu
    • 2025-04-07
    • y
    • Status udostępniania
    • Tylko na miejscu
Uwagi dla czytelnika
Integracja Polski z Unia Europejską
Integracja Polski z Unią Europejską
Konwent Europejski
Konwent Europejski
Społeczny bilans korzyści i kosztów członkostwa Polski w Unii Europejskiej
Społeczny bilans korzyści i kosztów członkostwa Polski w Unii Europejskiej
Społeczny bilans korzyści i kosztów członkostwa Polski w Unii Europejskiej
Integracja Polski z Unią Europejską
Integracja Polski z Unią Europejską
Konwent Europejski "faza słuchania"
Konwent Europejski "faza słuchania"
Konwent Europejski "faza słuchania"
Okresowy raport 2002 Komisji Europejskiej o postępach Polski na drodze do członkostwa w Unii Europejskiej. Strategia rozszerzenia
Okresowy raport 2002 Komisji Europejskiej o postępach Polski na drodze do członkostwa w Unii Europejskiej. Strategia rozszerzenia
Okresowy raport 2002 Komisji Europejskiej o postępach Polski na drodze do członkostwa w Unii Europejskiej. Strategia rozszerzenia
Społeczne aspekty integracji Polski z Unią Europejską
Społeczne aspekty integracji Polski z Unią Europejską
Społeczne aspekty integracji Polski z Unią Europejską
Społeczne aspekty integracji Polski z Unią Europejską
Rozważania o rozszerzonej Unii Europejskiej
Rozważania o rozszerzonej Unii Europejskiej
Okresowy raport 2001 Komisji Europejskiej o postępach Polski na drodze do członkostwa w Unii Europejskiej. Strategia rozszerzenia
Okresowy raport 2001 Komisji Europejskiej o postępach Polski na drodze do członkostwa w Unii Europejskiej. Strategia rozszerzenia
Okresowy raport 2001 Komisji Europejskiej o postępach Polski na drodze do członkostwa w Unii Europejskiej. Strategia rozszerzenia
Ustawy dostosowujące prawo polskie do prawa Unii Europejskiej
Ustawy dostosowujące prawo polskie do prawa Unii Europejskiej
Ustawy dostosowujące prawo polskie do prawa Unii Europejskiej
Ustawy dostosowujące prawo polskie do prawa Unii Europejskiej
Ustawy dostosowujące prawo polskie do prawa Unii Europejskiej
Ustawy dostosowujące prawo polskie do prawa Unii Europejskiej
Raport w sprawie korzyści i kosztów integracji Rzeczypospolitej Polskiej z Unią Europejską
Raport w sprawie korzyści i kosztów integracji Rzeczypospolitej Polskiej z Unią Europejską
Konferencja Międzyrządowa Unii Europejskiej w sprawie reformy instytucjonalnej [grudzień 2000 r.]
Konferencja Międzyrządowa Unii Europejskiej w sprawie reformy instytucjonalnej [grudzień 2000 r.]
Konferencja Międzyrządowa Unii Europejskiej w sprawie reformy instytucjonalnej [grudzień 2000 r.]
e-Europa
e-Europa
Okresowy raport 2000 Komisji Europejskiej o postępach Polski na drodze do członkostwa w Unii Europejskiej. Strategia rozszerzenia
Okresowy raport 2000 Komisji Europejskiej o postępach Polski na drodze do członkostwa w Unii Europejskiej. Strategia rozszerzenia
Okresowy raport 2000 Komisji Europejskiej o postępach Polski na drodze do członkostwa w Unii Europejskiej. Strategia rozszerzenia
Okresowy Raport Komisji Europejskiej na temat postępów Polski na drodze do członkostwa w Unii Europejskiej
Okresowy Raport Komisji Europejskiej na temat postępów Polski na drodze do członkostwa w Unii Europejskiej
Raport z wykonania programu działań dostosowujących polską gospodarkę i system prawny do wymagań Układu Europejskiego oraz przyszłego członkostwa Polski w Unii Europejskiej w latach 1992-1996 przyjęty przez Radę Ministrów w dniu 20 maja 1997 roku
Agenda 2000
Agenda 2000
Agenda 2000
Agenda 2000
Narodowa Strategia Integracji
Narodowa Strategia Integracji
Position of the government of the Republic of Poland regarding the Commission's Opinion on Poland's Application for Membership of the European Union, Warsaw, october 1997
Informacja o przygotowaniach do negocjacji akcesyjnych z Unią Europejską
Narodowa debata o integracji Polski z Unią Europejską
Okresowy Raport 2002 Komisji Europejskiej o postępach Polski na drodze do członkostwa w UE
Integracja Polski z Unia Europejską
Konwent Europejski
Okresowy raport 2000 Komisji Europejskiej o postępach Polski na drodze do członkostwa w Unii Europejskiej. Strategia rozszerzenia
Okresowy Raport Komisji Europejskiej na temat postępów Polski na drodze do członkostwa w Unii Europejskiej
Raport w sprawie korzyści i kosztów integracji Rzeczypospolitej Polskiej z Unią Europejską
Ustawy dostosowujące prawo polskie do prawa Unii Europejskiej
Konferencja Międzyrządowa Unii Europejskiej w sprawie reformy instytucjonalnej [grudzień 2000 r.]
e-Europa
Okresowy raport 2000 Komisji Europejskiej o postępach Polski na drodze do członkostwa w Unii Europejskiej. Strategia rozszerzenia
Okresowy raport 2001 Komisji Europejskiej o postępach Polski na drodze do członkostwa w Unii Europejskiej. Strategia rozszerzenia
Ustawy dostosowujące prawo polskie do prawa Unii Europejskiej
Rozważania o rozszerzonej Unii Europejskiej
Społeczne aspekty integracji Polski z Unią Europejską
Konwent Europejski
Konwent Europejski
Integracja Polski z Unia Europejską
Okresowy raport 2002 Komisji Europejskiej o postępach Polski na drodze do członkostwa w Unii Europejskiej. Strategia rozszerzenia
Integracja Polski z Unią Europejską
Raport z wykonania programu działań dostosowujących polską gospodarkę i system prawny do wymagań Układu Europejskiego oraz przyszłego członkostwa Polski w Unii Europejskiej w latach 1992-1996 przyjęty przez Radę Ministrów w dniu 20 maja 1997 roku
Okresowy raport 2000 Komisji Europejskiej o postępach Polski na drodze do członkostwa w Unii Europejskiej. Strategia rozszerzenia
Konferencja Międzyrządowa Unii Europejskiej w sprawie reformy instytucjonalnej [grudzień 2000 r.]
Raport w sprawie korzyści i kosztów integracji Rzeczypospolitej Polskiej z Unią Europejską
Okresowy raport 2001 Komisji Europejskiej o postępach Polski na drodze do członkostwa w Unii Europejskiej. Strategia rozszerzenia
Okresowy raport 2001 Komisji Europejskiej o postępach Polski na drodze do członkostwa w Unii Europejskiej. Strategia rozszerzenia